{"text_format":"1","workbook":"xlsx","n_sheets":6,"sheets":["Simulation assumption","Generalization Parameters(FR1)","KPIs","UE speed","UMa_UMi","Figures"],"not_rendered":{"charts":2,"images":0,"macros":1,"external_links":0,"defined_names":2,"comments":0,"pivot_tables":0},"unopened":[],"bounds":{"document_bytes":16777216,"sheet_cells":100000,"rows_first":2000,"rows_last":500,"rows_between":2000,"halvings":0,"cell_chars":16384,"cell_head_chars":4096},"cells_cut":0,"cells_raw":0,"read":"whole","date_system":"1900"}

{"sheet":"Simulation assumption","index":0,"n_rows":29,"n_cols":7,"rows_kept":29,"cut":false,"hidden":false,"merged":[[0,0,0,1],[4,0,6,0]]}
["SLS simulation assumption",null,"Mediatek","Interdigital","OPPO","Qualcomm","vivo"]
["Parameter","Values"]
["Frequency Range","FR1 @4GHz with SCS 30KHz"]
["Deployment","\n2-tier model with wrap-around (7 sites, 3 sectors/cells per site)\n",null,null,null,"2-tier model without wrap-around"]
["Channel model","UMa with distance-dependent LoS probability function defined in Table 7.4.2-1 in TR 38.901.\nFast fading is necessary. \nOxygen absorption, Time-varying Doppler shift , Explicit ground reflection model and blockage are not considered."]
[null,"Whether LOSsoft is modeled or not","Yes","Yes","No","Yes","No"]
[null,"spatial consistency option (A or B)","A","A","A","A","A"]
["System BW","20MHz"]
["UE Speed","30km/h (baseline), 60km/h (optional), 90km/h (optional)\nOther values are not precluded"," 30, 90 km/hr"," 30, 60, 90 km/hr"," 30, 60, 90 km/h","30 km/h, 60 km/h, 90 km/h"," 30, 60, 90 km/h"]
["UE distribution","100% outdoor"]
["BS Antenna Configuration"," Companies need to report which option(s) are used between\n- 32 ports: (8,8,2,1,1,2,8), (dH,dV) = (0.5, 0.8)λ\n- 16 ports: (8,4,2,1,1,2,4), (dH,dV) = (0.5, 0.8)λ\nOther configurations are not precluded.",null,null,"32 ports: (8,8,2,1,1,2,8), (dH,dV) = (0.5, 0.8)λ","1 TX antenna per panel\n1 panel per sector","32 ports: (8,8,2,1,1,2,8), (dH,dV) = (0.5, 0.8)λ"]
["BS Antenna radiation pattern","3-sector antenna radiation pattern, 8 dBi"]
["UE Antenna Configuration","4RX: (1,2,2,1,1,1,2), (dH,dV) = (0.5, 0.5)λ for (rank 1-4)\n2RX: (1,1,2,1,1,1,1), (dH,dV) = (0.5, 0.5)λ for (rank 1,2)\nOther configuration is not precluded.",null,null,"4RX: (1,2,2,1,1,1,2), (dH,dV) = (0.5, 0.5)λ for (rank 1-4)","1 RX antenna per panel\n2 panels","2RX: (1,1,2,1,1,1,1), (dH,dV) = (0.5, 0.5)λ\n "]
["UE Antenna radiation pattern","Omni-direction"]
["BS Tx Power","44dBm"]
["Maximum UE Tx Power","23 dBm"]
["BS receiver Noise Figure","5 dB"]
["UE receiver Noise Figure","9 dB"]
["Inter site distance","500m ISD for FR1"]
["BS Antenna height","25m"]
["UE Antenna height","1.5 m"]
["UE trajectory model","Option #1, Option #2, or option #3\nReported by companies","Option1","Option 1","Option1","Based on Option 2 in TR 38.343 [2], Section 6.3.1, with modifications based on Option 4 and a minor modification for extended mobility. Refer to section 2.1.1 in R2-2501459 for a detailed discussion of the trajectory model.","Option1"]
["UE trajectory boundary processing","Option #1, Option #2, or option #3 \nReported by companies","Option2","Option 3","Option3","Trajectory termination","Option2"]
["L1/L3 filtering","Option #Sliding, Option #Non-sliding\nReported by companies","both","Non-sliding","Option #Non-sliding","Option #3 (trajectory termination)","both"]
["Measurement period","200ms",null,null,null,"400ms"]
["FilterCoefficient",4]
["Number of Tx beams","Reported by companies",1,4,1,1,1]
["Number of Rx beams","Reported by companies",1,1,1,1,1]
["Filtering Option","For sub-use case 2, Option #1, Option #2 and Option #3. Reported by companies. For other sub-use case, it is blank. ","Option #3","Option #1",null,"Option #1"]

{"sheet":"Generalization Parameters(FR1)","index":1,"n_rows":5,"n_cols":3,"rows_kept":5,"cut":false,"hidden":false,"merged":[[0,0,0,2]]}
["Generalization Parameters for FR1"]
["Parameter","Configuration #1","Configuration #2"]
["Deployment scenario ","UMi","UMa"]
["ISD","200m","500m"]
["BS antenna height","10m","25m"]

{"sheet":"KPIs","index":2,"n_rows":4,"n_cols":5,"rows_kept":4,"cut":false,"hidden":false,"merged":[]}
["Intermediate KPIs","Description/Definition"," Mediatek","Qualcomm"," vivo"]
["Average L3 cell RSRP difference (dB)","Average L3 RSRP difference between the predicted and actual L3 cell-level measurement result for each individual point within the PW, and then averaged across all the points in the PW. ","Method: Average cross multiple cells","Method: Average cross multiple cells","Method: Average cross multiple cells"]
["Last predicted point L3 cell RSRP difference (dB)","Average L3 RSRP difference between predicted and ideal L3 cell-level measurement result for the last point in PW."]
["Multiple predicted point L3 cell RSRP differences (dB)","Average L3 RSRP difference between predicted and ideal L3 cell-level measurement result for each individul point in PW. Multiple values are provided if there are multiple points within the PW."]

{"sheet":"UE speed","index":3,"n_rows":103,"n_cols":41,"rows_kept":103,"cut":false,"hidden":false,"merged":[[0,34,0,37],[0,38,0,40],[0,0,0,3],[0,5,0,8],[0,9,0,17],[0,18,0,26],[0,27,0,29],[0,30,0,33]]}
["General",null,null,null,"Generalization Setting","Variable Settings",null,null,null,"Configurable/Selectable Simulation Assumption",null,null,null,null,null,null,null,null,"Model Related Information",null,null,null,null,null,null,null,null,"Performance Metrics (Baseline)",null,null,"Performance Metrics (GC#1)",null,null,null,"Performance Metrics (GC#1)",null,null,null,"Performance Metrics (GC#2)"]
["Company","Sub case","Filtering option","Other factors","Configuration #B","MRRT\n(%)","Observation window\n(ms)","Prediction window\n(ms)","UE speed\n(km/h)","Spatial consistency","Whether LOSsoft is modeled or not","UE trajectory model","UE trajectory boundary processing","L1/L3 filtering\n(Sliding/Non-sliding)","CaseB detail pattern\n(example 1/2, others)","Use earlier predicted results as input or not","Number of Tx beams","Number of Rx beams","Model input","Model output/label","Model type  ","Detail of model ","Model complexity\nin a number of model parameters (K)","Model complexity\nin a number of model size (KByte)","Computational complexity [FLOPs] (M)","Training data size in number of samples (K)","Testing data size in number of samples (K)","Average L3 cell RSRP difference (dB)","Last predicted point L3 cell RSRP difference (dB) ","Multiple predicted point L3 cell RSRP differences (dB)","Configuration #A","Average L3 cell RSRP difference (dB)","Last predicted point L3 cell RSRP difference (dB) ","Multiple predicted point L3 cell RSRP differences (dB)","Configuration #A","Average L3 cell RSRP difference (dB)","Last predicted point L3 cell RSRP difference (dB) ","Multiple predicted point L3 cell RSRP differences (dB)","Average L3 cell RSRP difference (dB)","Last predicted point L3 cell RSRP difference (dB) ","Multiple predicted point L3 cell RSRP differences (dB)"]
["Name","1/2/3","Option1/Option2/Option3","Additional consideration (e.g. Cell/Cluster-based)","Dataset with configuration #B(e.g., 30/60/90km/h)","XX","XX","XX","[Not Applicable]","A/B","YES/NO","1/2/3","1/2/3","Sliding/Non-sliding","1/2","YES/NO","XX","XX","Number of cell(s),\nMesurement quantity (L1 beam level, L1-filterd beam-level, L3 cell-level, L3 beam-level measurement results)","Number of cell(s),\nMeasurement quantity (L1 beam level, L1-filterd beam-level, L3 cell-level, L3 beam-level measurement results)","AI/Non-AI: Method (e.g. RNN,CNN,Sample and hold, Decision tree, etc)","e.g.,model structure and description","XX","XX","XX","XX","XX","XX","XX","[XX, XX, XX..]","Dataset with configuration #A(e.g., 30/60/90km/h)","XX","XX","[XX, XX, XX..]","Dataset with configuration #A(e.g., 30/60/90km/h)","XX","XX","[XX, XX, XX..]","XX","XX","[XX, XX, XX..]"]
["InterDigital",2,"Option 1","Cell-based",30,50,1000,200,null,"A","Yes",1,3,"Non-sliding",2,"NO",4,1,"1 cell, L3 cell-level RSRPs","1 cell, L3 cell-level RSRPs","AI:CNN",null,104,null,0.128,16.8,4.2,1.7600000000000001E-2,null,null,60,1.9199999999999998E-2,null,null,90,2.0299999999999999E-2,null,null,1.8800000000000001E-2]
["InterDigital",2,"Option 1","Cell-based",60,50,1000,200,null,"A","Yes",1,3,"Non-sliding",2,"NO",4,1,"1 cell, L3 cell-level RSRPs","1 cell, L3 cell-level RSRPs","AI:CNN",null,104,null,0.128,16.8,4.2,5.4300000000000001E-2,null,null,30,5.6599999999999998E-2,null,null,90,5.3499999999999999E-2,null,null,5.3800000000000001E-2]
["InterDigital",2,"Option 1","Cell-based",90,50,1000,200,null,"A","Yes",1,3,"Non-sliding",2,"NO",4,1,"1 cell, L3 cell-level RSRPs","1 cell, L3 cell-level RSRPs","AI:CNN",null,104,null,0.128,16.8,4.2,9.2799999999999994E-2,null,null,30,0.1062,null,null,60,9.6699999999999994E-2,null,null,9.4600000000000004E-2]
["Mediatek",2,"Option3","Cluster-based",30,50,1600,40,null,"B","YES",1,2,"Sliding","1","NO",4,1,"21 cells, L3 cell-level RSRP  ","21 cells, L3 cell-level RSRP  ","AI: CNN","2 layers of convolution layer and 1 FNN layer",51,204,3.02,320,80,5.8999999999999997E-2,null,null,60,5.8000000000000003E-2,null,null,90,5.8000000000000003E-2,null,null,5.7000000000000002E-2]
["Mediatek",2,"Option3","Cluster-based",90,50,1600,40,null,"B","YES",1,2,"Sliding","1","NO",4,1,"21 cells, L3 cell-level RSRP  ","21 cells, L3 cell-level RSRP  ","AI: CNN","2 layers of convolution layer and 1 FNN layer",51,204,3.02,320,80,0.06,null,null,60,0.06,null,null,30,6.4000000000000001E-2,null,null,5.8999999999999997E-2]
["Mediatek",2,"Option3","Cluster-based",30,80,1600,160,null,"B","YES",1,2,"Sliding","1","NO",4,1,"21 cells, L3 cell-level RSRP  ","21 cells, L3 cell-level RSRP  ","AI: CNN","2 layers of convolution layer and 1 FNN layer",51,204,3.02,320,80,0.24099999999999999,null,null,60,0.24,null,null,90,0.247,null,null,0.23599999999999999]
["Mediatek",2,"Option3","Cluster-based",90,80,1600,160,null,"B","YES",1,2,"Sliding","1","NO",4,1,"21 cells, L3 cell-level RSRP  ","21 cells, L3 cell-level RSRP  ","AI: CNN","2 layers of convolution layer and 1 FNN layer",51,204,3.02,320,80,0.27600000000000002,null,null,60,0.27700000000000002,null,null,30,0.28699999999999998,null,null,0.27300000000000002]
["OPPO",3,null,"Cell-based, epoch=100",30,50,600,200,null,"A","NO","1","3","Non-sliding","2","NO",1,1,"1 cell, L1-filtered beam-level RSRP","1 cell, L3 cell-level RSRP","AI: LSTM","2LSTM layer+1 dense layer",170,670,0.41,50,5,0.59,null,null,null,null,null,null,null,null,null,null,0.68]
["OPPO",3,null,"Cell-based, epoch=50",30,50,600,200,null,"A","NO","1","3","Non-sliding","2","NO",1,1,"1 cell, L1-filtered beam-level RSRP","1 cell, L3 cell-level RSRP","AI: LSTM","2LSTM layer+1 dense layer",170,670,0.41,50,5,0.62,null,null,null,null,null,null,null,null,null,null,0.52]
["OPPO",3,null,"Cell-based, epoch=100",60,50,600,200,null,"A","NO","1","3","Non-sliding","2","NO",1,1,"1 cell, L1-filtered beam-level RSRP","1 cell, L3 cell-level RSRP","AI: LSTM","2LSTM layer+1 dense layer",170,670,0.41,50,5,1,null,null,null,null,null,null,null,null,null,null,1.03]
["OPPO",3,null,"Cell-based, epoch=50",60,50,600,200,null,"A","NO","1","3","Non-sliding","2","NO",1,1,"1 cell, L1-filtered beam-level RSRP","1 cell, L3 cell-level RSRP","AI: LSTM","2LSTM layer+1 dense layer",170,670,0.41,50,5,1.1200000000000001,null,null,null,null,null,null,null,null,null,null,0.95]
["OPPO",3,null,"Cell-based, epoch=100",90,50,600,200,null,"A","NO","1","3","Non-sliding","2","NO",1,1,"1 cell, L1-filtered beam-level RSRP","1 cell, L3 cell-level RSRP","AI: LSTM","2LSTM layer+1 dense layer",170,670,0.41,50,5,1.1000000000000001,null,null,null,null,null,null,null,null,null,null,1.1599999999999999]
["OPPO",3,null,"Cell-based, epoch=50",90,50,600,200,null,"A","NO","1","3","Non-sliding","2","NO",1,1,"1 cell, L1-filtered beam-level RSRP","1 cell, L3 cell-level RSRP","AI: LSTM","2LSTM layer+1 dense layer",170,670,0.41,50,5,1.24,null,null,null,null,null,null,null,null,null,null,1.1599999999999999]
["Qualcomm",2,"Option1","Cluster-based",30,90,1280,400,null,"A","YES",1,3,"Sliding","1/9","NO",1,1,"21 cells, L3 cell-level RSRP  ","21 cells, L3 cell-level RSRP  ","AI:Transformer","Encoder transformer",1279,9800,null,"964 trajectories","241 trajectories",1.64,2,null,60,2.1,2.94,null,90,2.46,3.48,null,1.65,2.2400000000000002]
["Qualcomm",2,"Option1","Cluster-based",30,90,1280,400,null,"A","YES",1,3,"Sliding","1/9","NO",1,1,"21 cells, L3 cell-level RSRP  ","21 cells, L3 cell-level RSRP  ","Non-AI:Sample and hold",null,null,null,null,null,null,1.63,2,null,60,null,null,null,90]
["Qualcomm",2,"Option1","Cluster-based",60,90,1280,400,null,"A","YES",1,3,"Sliding","1/9","NO",1,1,"21 cells, L3 cell-level RSRP  ","21 cells, L3 cell-level RSRP  ","AI:Transformer","Encoder transformer",1279,9800,null,"1948 trajectories","488 trajectories",2.12,3,null,30,1.7,2.33,null,90,2.4700000000000002,3.47,null,2.09,2.92]
["Qualcomm",2,"Option1","Cluster-based",60,90,1280,400,null,"A","YES",1,3,"Sliding","1/9","NO",1,1,"21 cells, L3 cell-level RSRP  ","21 cells, L3 cell-level RSRP  ","Non-AI:Sample and hold",null,null,null,null,null,null,2.1,3,null,30,null,null,null,90]
["Qualcomm",2,"Option1","Cluster-based",90,90,1280,400,null,"A","YES",1,3,"Sliding","1/9","NO",1,1,"21 cells, L3 cell-level RSRP  ","21 cells, L3 cell-level RSRP  ","AI:Transformer","Encoder transformer",1279,9800,null,"2283 trajectories","571 trajectories",2.5,4,null,30,1.79,2.4700000000000002,null,60,2.17,3.05,null,2.44,3.43]
["Qualcomm",2,"Option1","Cluster-based",90,90,1280,400,null,"A","YES",1,3,"Sliding","1/9","NO",1,1,"21 cells, L3 cell-level RSRP  ","21 cells, L3 cell-level RSRP  ","Non-AI:Sample and hold",null,null,null,null,null,null,2.48,4,null,30,null,null,null,60]
["vivo",1,null,"Cell-based",30,50,2000,200,null,"A","NO",1,2,"Non-sliding","2","NO",1,1,"1 cell, L1-filterd beam-level","1 cell, L1-filterd beam-level","AI: LSTM","1LSTM layer and 1 FNN layer",16,68,0.84199999999999997,160,40,0.442,null,null,60,0.68300000000000005,null,null,90,0.88800000000000001,null,null,0.44500000000000001]
["vivo",1,null,"Cell-based",60,50,2000,200,null,"A","NO",1,2,"Non-sliding","2","NO",1,1,"1 cell, L1-filterd beam-level","1 cell, L1-filterd beam-level","AI: LSTM","1LSTM layer and 1 FNN layer",16,68,0.84199999999999997,160,40,0.67600000000000005,null,null,30,0.44800000000000001,null,null,90,0.877,null,null,0.67600000000000005]
["vivo",1,null,"Cell-based",90,50,2000,200,null,"A","NO",1,2,"Non-sliding","2","NO",1,1,"1 cell, L1-filterd beam-level","1 cell, L1-filterd beam-level","AI: LSTM","1LSTM layer and 1 FNN layer",16,68,0.84199999999999997,160,40,0.875,null,null,30,0.45300000000000001,null,null,60,0.68,null,null,0.873]
["ChinaTelecom",2,"Option 1","Cell-based",30,50,40,40,30,"A","NO",1,3,"Non-sliding",2,"NO",1,1,"21 cells, L3 cell-level RSRP","21 cells, L3 cell-level RSRP","AI: LSTM","1LSTM layer+1 dense layer",36,141,0.22109999999999999,260,65,0.20799999999999999,0,"[0.208]"]
["ChinaTelecom",2,"Option 1","Cell-based",30,67,40,80,30,"A","NO",1,3,"Non-sliding","2","NO",1,1,"21 cells, L3 cell-level RSRP","21 cells, L3 cell-level RSRP","AI: LSTM","1LSTM layer+1 dense layer",36,141,0.43590000000000001,260,65,0.249,0,"[0.227, 0.270]"]
["ChinaTelecom",2,"Option 1","Cell-based",30,75,40,120,30,"A","NO",1,3,"Non-sliding","2","NO",1,1,"21 cells, L3 cell-level RSRP","21 cells, L3 cell-level RSRP","AI: LSTM","1LSTM layer+1 dense layer",36,141,0.65100000000000002,260,65,0.28999999999999998,0,"[0.247, 0.290, 0.333]"]
["ChinaTelecom",2,"Option 1","Cell-based",30,50,200,200,30,"A","NO",1,3,"Non-sliding","2","NO",1,1,"21 cells, L3 cell-level RSRP","21 cells, L3 cell-level RSRP","AI: LSTM","1LSTM layer+1 dense layer",36,141,0.221,52,13,0.42499999999999999,0,"[0.425]"]
["ChinaTelecom",2,"Option 1","Cell-based",30,67,200,400,30,"A","NO",1,3,"Non-sliding","2","NO",1,1,"21 cells, L3 cell-level RSRP","21 cells, L3 cell-level RSRP","AI: LSTM","1LSTM layer+1 dense layer",36,141,0.436,52,13,0.51200000000000001,1,"[0.410, 0.614]"]
["ChinaTelecom",2,"Option 1","Cell-based",30,75,200,600,30,"A","NO",1,3,"Non-sliding","2","NO",1,1,"21 cells, L3 cell-level RSRP","21 cells, L3 cell-level RSRP","AI: LSTM","1LSTM layer+1 dense layer",36,141,0.65100000000000002,52,13,0.64800000000000002,1,"[0.448, 0.638, 0.858]"]
["ChinaTelecom",2,"Option 1","Cell-based",60,50,40,40,60,"A","NO",1,3,"Non-sliding",2,"NO",1,1,"21 cells, L3 cell-level RSRP","21 cells, L3 cell-level RSRP","AI: LSTM","1LSTM layer+1 dense layer",36,141,0.221,164,41,0.315,0,"[0.315]"]
["ChinaTelecom",2,"Option 1","Cell-based",60,67,40,80,60,"A","NO",1,3,"Non-sliding","2","NO",1,1,"21 cells, L3 cell-level RSRP","21 cells, L3 cell-level RSRP","AI: LSTM","1LSTM layer+1 dense layer",36,141,0.436,164,41,0.35799999999999998,0,"[0.322, 0.394]"]
["ChinaTelecom",2,"Option 1","Cell-based",60,75,40,120,60,"A","NO",1,3,"Non-sliding","2","NO",1,1,"21 cells, L3 cell-level RSRP","21 cells, L3 cell-level RSRP","AI: LSTM","1LSTM layer+1 dense layer",36,141,0.65100000000000002,164,41,0.42199999999999999,0,"[0.350, 0.418, 0.500]"]
["ChinaTelecom",2,"Option 1","Cell-based",60,50,200,200,60,"A","NO",1,3,"Non-sliding","2","NO",1,1,"21 cells, L3 cell-level RSRP","21 cells, L3 cell-level RSRP","AI: LSTM","1LSTM layer+1 dense layer",36,141,0.221,32,8,0.58299999999999996,1,"[0.583]"]
["ChinaTelecom",2,"Option 1","Cell-based",60,67,200,400,60,"A","NO",1,3,"Non-sliding","2","NO",1,1,"21 cells, L3 cell-level RSRP","21 cells, L3 cell-level RSRP","AI: LSTM","1LSTM layer+1 dense layer",36,141,0.436,32,8,0.83199999999999996,1,"[0.637, 1.026]"]
["ChinaTelecom",2,"Option 1","Cell-based",60,75,200,600,60,"A","NO",1,3,"Non-sliding","2","NO",1,1,"21 cells, L3 cell-level RSRP","21 cells, L3 cell-level RSRP","AI: LSTM","1LSTM layer+1 dense layer",36,141,0.65100000000000002,32,8,1.115,2,"[0.737, 1.101, 1.507]"]
["NTT DOCOMO",3,"Option1","Cluster-based",30,50,400,40,null,"A","NO","3","3","Sliding","2","NO","4",1,"7 cells, L1 cell-level RSRP  ","7 cells, L3 cell-level RSRP  ","AI: Transformer",null,null,null,null,241,60,9.0899999999999995E-2,0,9.0899999999999995E-2,60,0.1004,0.1004,0,90,0.12239999999999999,0.12239999999999999,0.12239999999999999,9.7900000000000001E-2,9.7900000000000001E-2,9.7900000000000001E-2]
["NTT DOCOMO",3,"Option1","Cluster-based",60,50,400,40,null,"A","NO","3","3","Sliding","2","NO","4",1,"7 cells, L1 cell-level RSRP  ","7 cells, L3 cell-level RSRP  ","AI: Transformer",null,null,null,null,241,60,0.1138,0,0.1138,30,0.123,0.123,0,90,0.13950000000000001,0.13950000000000001,0.13950000000000001,0.1178,0.1178,0.1178]
["NTT DOCOMO",3,"Option1","Cluster-based",90,50,400,40,null,"A","NO","3","3","Sliding","2","NO","4",1,"7 cells, L1 cell-level RSRP  ","7 cells, L3 cell-level RSRP  ","AI: Transformer",null,null,null,null,241,60,0.13120000000000001,0,0.13120000000000001,30,0.1401,0.1401,0,60,0.13900000000000001,0.13900000000000001,0.13900000000000001,0.13159999999999999,0.13159999999999999,0.13159999999999999]
["Ericsson",2,"Option1","Cell-based",30,50,120,40,null,"B","YES","3","1","Sliding","2","NO",4,1,"1 cell, L3 cell-level RSRP","1 cell, L3 cell-level RSRP","AI: LSTM","1 LSTM layer and 2  linear layers",1340,5100,2.7,20,160,0.14299999999999999,null,null,60,0.11,null,null,90,0.106,null,null,0.10299999999999999]
["Ericsson",2,"Option1","Cell-based",60,50,120,40,null,"B","YES","3","1","Sliding","2","NO",4,1,"1 cell, L3 cell-level RSRP","1 cell, L3 cell-level RSRP","AI: LSTM","2 LSTM layer and 2  linear layers",1340,5100,2.7,20,160,0.14799999999999999,null,null,30,0.19500000000000001,null,null,90,0.13600000000000001,null,null,0.13100000000000001]
["Ericsson",2,"Option1","Cell-based",90,50,120,40,null,"B","YES","3","1","Sliding","2","NO",4,1,"1 cell, L3 cell-level RSRP","1 cell, L3 cell-level RSRP","AI: LSTM","3 LSTM layer and 2  linear layers",1340,5100,2.7,20,160,0.155,null,null,30,0.22800000000000001,null,null,60,0.17299999999999999,null,null,0.15]
["Ericsson",2,"Option1","Cell-based",30,80,240,160,null,"B","YES","3","1","Sliding","2","NO",4,1,"1 cell, L3 cell-level RSRP","1 cell, L3 cell-level RSRP","AI: LSTM","4 LSTM layer and 2  linear layers",1340,5100,2.7,20,160,0.22700000000000001,0,"[0.086, 0.167, 0.271, 0.384]",60,0.22,0.36499999999999999,"[0.092, 0.164, 0.259, 0.365]",90,0.224,0.36799999999999999,"[0.099, 0.165, 0.262, 0.368]",0.217,0.36699999999999999,"[0.082, 0.159, 0.259, 0.367]"]
["Ericsson",2,"Option1","Cell-based",60,80,240,160,null,"B","YES","3","1","Sliding","2","NO",4,1,"1 cell, L3 cell-level RSRP","1 cell, L3 cell-level RSRP","AI: LSTM","5 LSTM layer and 2  linear layers",1340,5100,2.7,20,160,0.316,1,"[0.121, 0.234, 0.375, 0.532]",30,0.32500000000000001,null,"[0.117, 0.239, 0.391, 0.557]",90,0.313,0.52500000000000002,"[0.125, 0.231, 0.371, 0.525]",0.312,0.53100000000000003,"[0.113, 0.229,  0.374, 0.531]"]
["Ericsson",2,"Option1","Cell-based",90,80,240,160,null,"B","YES","3","1","Sliding","2","NO",4,1,"1 cell, L3 cell-level RSRP","1 cell, L3 cell-level RSRP","AI: LSTM","6 LSTM layer and 2  linear layers",1340,5100,2.7,20,160,0.38,1,"[0.147, 0.283, 0.452, 0.637]",30,0.39600000000000002,0.67400000000000004,"[0.140, 0.292, 0.476, 0.674]",60,0.38500000000000001,0.64800000000000002,"[0.143, 0.287, 0.460, 0.648]",0.38100000000000001,0.64500000000000002,"[0.139, 0.283, 0.457, 0.645]"]
["Samsung",2,"Option3","Cell-based",30,50,800,40,null,"B","YES","3","3","Sliding","2","NO",1,1,"1 cell, L3 cell-level RSRP","1 cell, L3 cell-level RSRP","LSTM autoencoder","2 LSTM layers for encoder \n2 LSTEM layers + 3 dense layers for decoder",273,3280,0.6,36,29,0.27800000000000002,null,null,null,null,null,null,null,null,null,null,0.378]
["Samsung",2,"Option3","Cell-based",30,67,800,80,null,"B","YES","3","3","Sliding","2","NO",1,1,"1 cell, L3 cell-level RSRP","1 cell, L3 cell-level RSRP","LSTM autoencoder","2 LSTM layers for encoder \n2 LSTEM layers + 3 dense layers for decoder",273,3280,0.6,36,29,0.36,null,null,null,null,null,null,null,null,null,null,0.45900000000000002]
["Samsung",2,"Option3","Cell-based",30,80,800,160,null,"B","YES","3","3","Sliding","2","NO",1,1,"1 cell, L3 cell-level RSRP","1 cell, L3 cell-level RSRP","LSTM autoencoder","2 LSTM layers for encoder \n2 LSTEM layers + 3 dense layers for decoder",273,3280,0.6,36,29,0.61399999999999999,null,null,null,null,null,null,null,null,null,null,0.61299999999999999]
["Samsung",2,"Option3","Cell-based",60,50,800,40,null,"B","YES","3","3","Sliding","2","NO",1,1,"1 cell, L3 cell-level RSRP","1 cell, L3 cell-level RSRP","LSTM autoencoder","2 LSTM layers for encoder \n2 LSTEM layers + 3 dense layers for decoder",273,3280,0.6,36,29,0.39,null,null,null,null,null,null,null,null,null,null,0.41299999999999998]
["Samsung",2,"Option3","Cell-based",60,67,800,80,null,"B","YES","3","3","Sliding","2","NO",1,1,"1 cell, L3 cell-level RSRP","1 cell, L3 cell-level RSRP","LSTM autoencoder","2 LSTM layers for encoder \n2 LSTEM layers + 3 dense layers for decoder",273,3280,0.6,36,29,0.498,null,null,null,null,null,null,null,null,null,null,0.57899999999999996]
["Samsung",2,"Option3","Cell-based",60,80,800,160,null,"B","YES","3","3","Sliding","2","NO",1,1,"1 cell, L3 cell-level RSRP","1 cell, L3 cell-level RSRP","LSTM autoencoder","2 LSTM layers for encoder \n2 LSTEM layers + 3 dense layers for decoder",273,3280,0.6,36,29,0.88900000000000001,null,null,null,null,null,null,null,null,null,null,0.82099999999999995]
["Samsung",2,"Option3","Cell-based",90,50,800,40,null,"B","YES","3","3","Sliding","2","NO",1,1,"1 cell, L3 cell-level RSRP","1 cell, L3 cell-level RSRP","LSTM autoencoder","2 LSTM layers for encoder \n2 LSTEM layers + 3 dense layers for decoder",273,3280,0.6,36,29,0.41199999999999998,null,null,null,null,null,null,null,null,null,null,0.48499999999999999]
["Samsung",2,"Option3","Cell-based",90,67,800,80,null,"B","YES","3","3","Sliding","2","NO",1,1,"1 cell, L3 cell-level RSRP","1 cell, L3 cell-level RSRP","LSTM autoencoder","2 LSTM layers for encoder \n2 LSTEM layers + 3 dense layers for decoder",273,3280,0.6,36,29,0.63500000000000001,null,null,null,null,null,null,null,null,null,null,0.72399999999999998]
["Samsung",2,"Option3","Cell-based",90,80,800,160,null,"B","YES","3","3","Sliding","2","NO",1,1,"1 cell, L3 cell-level RSRP","1 cell, L3 cell-level RSRP","LSTM autoencoder","2 LSTM layers for encoder \n2 LSTEM layers + 3 dense layers for decoder",273,3280,0.6,36,29,1.0569999999999999,null,null,null,null,null,null,null,null,null,null,1.002]
["Spreadtrum",1,"Option1","Cell-based",30,50,200,40,null,"A","YES",1,"3","Non-sliding","2","NO",1,1,"1 cell, L1-filterd beam-level RSRP","1 cell, L1-filterd beam-level RSRP","AI: BiLSTM","2 BiLSTM layer + 1 fc layer",82.100999999999999,661.7,4.0170000000000003,190.351,8.4489999999999998,0.18,null,null,null,null,null,null,null,null,null,null,0.215]
["Spreadtrum",1,"Option1","Cell-based",30,50,400,40,null,"A","YES",1,"3","Non-sliding","2","NO",1,1,"1 cell, L1-filterd beam-level RSRP","1 cell, L1-filterd beam-level RSRP","AI: BiLSTM","2 BiLSTM layer + 1 fc layer",82.100999999999999,661.7,4.0170000000000003,189.96799999999999,8.4320000000000004,0.107,null,null,null,null,null,null,null,null,null,null,8.8999999999999996E-2]
["Spreadtrum",1,"Option1","Cell-based",30,50,800,40,null,"A","YES",1,"3","Non-sliding","2","NO",1,1,"1 cell, L1-filterd beam-level RSRP","1 cell, L1-filterd beam-level RSRP","AI: BiLSTM","2 BiLSTM layer + 1 fc layer",82.100999999999999,661.7,4.0170000000000003,189.202,8.3979999999999997,6.9000000000000006E-2,null,null,null,null,null,null,null,null,null,null,6.5000000000000002E-2]
["Spreadtrum",2,"Option1","Cell-based",30,50,200,40,null,"A","YES",1,"3","Non-sliding","2","NO",1,1,"1 cell, L3 cell-level RSRP","1 cell, L3 cell-level RSRP","AI: BiLSTM","2 BiLSTM layer + 1 fc layer",82.100999999999999,661.7,4.0170000000000003,190.351,8.4489999999999998,0.14599999999999999,null,null,null,null,null,null,null,null,null,null,0.13800000000000001]
["Spreadtrum",2,"Option1","Cell-based",30,50,400,40,null,"A","YES",1,"3","Non-sliding","2","NO",1,1,"1 cell, L3 cell-level RSRP","1 cell, L3 cell-level RSRP","AI: BiLSTM","2 BiLSTM layer + 1 fc layer",82.100999999999999,661.7,4.0170000000000003,189.96799999999999,8.4320000000000004,0.13600000000000001,null,null,null,null,null,null,null,null,null,null,0.08]
["Spreadtrum",2,"Option1","Cell-based",30,50,800,40,null,"A","YES",1,"3","Non-sliding","2","NO",1,1,"1 cell, L3 cell-level RSRP","1 cell, L3 cell-level RSRP","AI: BiLSTM","2 BiLSTM layer + 1 fc layer",82.100999999999999,661.7,4.0170000000000003,189.202,8.3979999999999997,0.09,null,null,null,null,null,null,null,null,null,null,3.9E-2]
["Spreadtrum",1,"Option1","Cell-based",60,50,200,40,null,"A","YES",1,"3","Non-sliding","2","NO",1,1,"1 cell, L1-filterd beam-level RSRP","1 cell, L1-filterd beam-level RSRP","AI: BiLSTM","2 BiLSTM layer + 1 fc layer",82.100999999999999,661.7,4.0170000000000003,190.351,6.4610000000000003,0.216,null,null,null,null,null,null,null,null,null,null,0.24099999999999999]
["Spreadtrum",1,"Option1","Cell-based",60,50,400,40,null,"A","YES",1,"3","Non-sliding","2","NO",1,1,"1 cell, L1-filterd beam-level RSRP","1 cell, L1-filterd beam-level RSRP","AI: BiLSTM","2 BiLSTM layer + 1 fc layer",82.100999999999999,661.7,4.0170000000000003,189.96799999999999,6.4480000000000004,0.183,null,null,null,null,null,null,null,null,null,null,0.11]
["Spreadtrum",1,"Option1","Cell-based",60,50,800,40,null,"A","YES",1,"3","Non-sliding","2","NO",1,1,"1 cell, L1-filterd beam-level RSRP","1 cell, L1-filterd beam-level RSRP","AI: BiLSTM","2 BiLSTM layer + 1 fc layer",82.100999999999999,661.7,4.0170000000000003,189.202,6.4219999999999997,0.13900000000000001,null,null,null,null,null,null,null,null,null,null,7.5999999999999998E-2]
["Spreadtrum",2,"Option1","Cell-based",60,50,200,40,null,"A","YES",1,"3","Non-sliding","2","NO",1,1,"1 cell, L3 cell-level RSRP","1 cell, L3 cell-level RSRP","AI: BiLSTM","2 BiLSTM layer + 1 fc layer",82.100999999999999,661.7,4.0170000000000003,190.351,6.4610000000000003,0.215,null,null,null,null,null,null,null,null,null,null,0.17599999999999999]
["Spreadtrum",2,"Option1","Cell-based",60,50,400,40,null,"A","YES",1,"3","Non-sliding","2","NO",1,1,"1 cell, L3 cell-level RSRP","1 cell, L3 cell-level RSRP","AI: BiLSTM","2 BiLSTM layer + 1 fc layer",82.100999999999999,661.7,4.0170000000000003,189.96799999999999,6.4480000000000004,0.11,null,null,null,null,null,null,null,null,null,null,9.5000000000000001E-2]
["Spreadtrum",2,"Option1","Cell-based",60,50,800,40,null,"A","YES",1,"3","Non-sliding","2","NO",1,1,"1 cell, L3 cell-level RSRP","1 cell, L3 cell-level RSRP","AI: BiLSTM","2 BiLSTM layer + 1 fc layer",82.100999999999999,661.7,4.0170000000000003,189.202,6.4219999999999997,0.17100000000000001,null,null,null,null,null,null,null,null,null,null,4.8000000000000001E-2]
["Spreadtrum",1,"Option1","Cell-based",90,50,200,40,null,"A","YES",1,"3","Non-sliding","2","NO",1,1,"1 cell, L1-filterd beam-level RSRP","1 cell, L1-filterd beam-level RSRP","AI: BiLSTM","2 BiLSTM layer + 1 fc layer",82.100999999999999,661.7,4.0170000000000003,190.351,5.4669999999999996,0.248,null,null,null,null,null,null,null,null,null,null,0.28299999999999997]
["Spreadtrum",1,"Option1","Cell-based",90,50,400,40,null,"A","YES",1,"3","Non-sliding","2","NO",1,1,"1 cell, L1-filterd beam-level RSRP","1 cell, L1-filterd beam-level RSRP","AI: BiLSTM","2 BiLSTM layer + 1 fc layer",82.100999999999999,661.7,4.0170000000000003,189.96799999999999,5.4560000000000004,0.16800000000000001,null,null,null,null,null,null,null,null,null,null,0.13900000000000001]
["Spreadtrum",1,"Option1","Cell-based",90,50,800,40,null,"A","YES",1,"3","Non-sliding","2","NO",1,1,"1 cell, L1-filterd beam-level RSRP","1 cell, L1-filterd beam-level RSRP","AI: BiLSTM","2 BiLSTM layer + 1 fc layer",82.100999999999999,661.7,4.0170000000000003,189.202,5.4340000000000002,0.191,null,null,null,null,null,null,null,null,null,null,9.1999999999999998E-2]
["Spreadtrum",2,"Option1","Cell-based",90,50,200,40,null,"A","YES",1,"3","Non-sliding","2","NO",1,1,"1 cell, L3 cell-level RSRP","1 cell, L3 cell-level RSRP","AI: BiLSTM","2 BiLSTM layer + 1 fc layer",82.100999999999999,661.7,4.0170000000000003,190.351,5.4669999999999996,0.40200000000000002,null,null,null,null,null,null,null,null,null,null,0.22900000000000001]
["Spreadtrum",2,"Option1","Cell-based",90,50,400,40,null,"A","YES",1,"3","Non-sliding","2","NO",1,1,"1 cell, L3 cell-level RSRP","1 cell, L3 cell-level RSRP","AI: BiLSTM","2 BiLSTM layer + 1 fc layer",82.100999999999999,661.7,4.0170000000000003,189.96799999999999,5.4560000000000004,0.248,null,null,null,null,null,null,null,null,null,null,0.12]
["Spreadtrum",2,"Option1","Cell-based",90,50,800,40,null,"A","YES",1,"3","Non-sliding","2","NO",1,1,"1 cell, L3 cell-level RSRP","1 cell, L3 cell-level RSRP","AI: BiLSTM","2 BiLSTM layer + 1 fc layer",82.100999999999999,661.7,4.0170000000000003,189.202,5.4340000000000002,0.14399999999999999,null,null,null,null,null,null,null,null,null,null,6.2E-2]
["Spreadtrum",1,"Option1","Cell-based",30,67,200,40,null,"A","YES",1,"3","Non-sliding","2","NO",1,1,"1 cell, L1-filterd beam-level RSRP","1 cell, L1-filterd beam-level RSRP","AI: BiLSTM","2 BiLSTM layer + 1 fc layer",82.100999999999999,661.7,2.6779999999999999,127.539,5.6609999999999996,0.185,null,null,null,null,null,null,null,null,null,null,0.23300000000000001]
["Spreadtrum",1,"Option1","Cell-based",30,80,200,40,null,"A","YES",1,"3","Non-sliding","2","NO",1,1,"1 cell, L1-filterd beam-level RSRP","1 cell, L1-filterd beam-level RSRP","AI: BiLSTM","2 BiLSTM layer + 1 fc layer",82.100999999999999,661.7,2.6779999999999999,75.834000000000003,3.3660000000000001,0.45400000000000001,null,null,null,null,null,null,null,null,null,null,0.253]
["Spreadtrum",2,"Option1","Cell-based",30,67,200,40,null,"A","YES",1,"3","Non-sliding","2","NO",1,1,"1 cell, L3 cell-level RSRP","1 cell, L3 cell-level RSRP","AI: BiLSTM","2 BiLSTM layer + 1 fc layer",82.100999999999999,661.7,2.6779999999999999,127.539,5.6609999999999996,0.24199999999999999,null,null,null,null,null,null,null,null,null,null,0.13400000000000001]
["Spreadtrum",2,"Option1","Cell-based",30,80,200,40,null,"A","YES",1,"3","Non-sliding","2","NO",1,1,"1 cell, L3 cell-level RSRP","1 cell, L3 cell-level RSRP","AI: BiLSTM","2 BiLSTM layer + 1 fc layer",82.100999999999999,661.7,2.6779999999999999,75.834000000000003,3.3660000000000001,0.25800000000000001,null,null,null,null,null,null,null,null,null,null,0.316]
["Spreadtrum",1,"Option1","Cell-based",60,67,200,40,null,"A","YES",1,"3","Non-sliding","2","NO",1,1,"1 cell, L1-filterd beam-level RSRP","1 cell, L1-filterd beam-level RSRP","AI: BiLSTM","2 BiLSTM layer + 1 fc layer",82.100999999999999,661.7,2.6779999999999999,127.539,4.3289999999999997,0.221,null,null,null,null,null,null,null,null,null,null,0.255]
["Spreadtrum",1,"Option1","Cell-based",60,80,200,40,null,"A","YES",1,"3","Non-sliding","2","NO",1,1,"1 cell, L1-filterd beam-level RSRP","1 cell, L1-filterd beam-level RSRP","AI: BiLSTM","2 BiLSTM layer + 1 fc layer",82.100999999999999,661.7,2.6779999999999999,75.834000000000003,2.5739999999999998,0.46500000000000002,null,null,null,null,null,null,null,null,null,null,0.29899999999999999]
["Spreadtrum",2,"Option1","Cell-based",60,67,200,40,null,"A","YES",1,"3","Non-sliding","2","NO",1,1,"1 cell, L3 cell-level RSRP","1 cell, L3 cell-level RSRP","AI: BiLSTM","2 BiLSTM layer + 1 fc layer",82.100999999999999,661.7,2.6779999999999999,127.539,4.3289999999999997,0.17299999999999999,null,null,null,null,null,null,null,null,null,null,0.17699999999999999]
["Spreadtrum",2,"Option1","Cell-based",60,80,200,40,null,"A","YES",1,"3","Non-sliding","2","NO",1,1,"1 cell, L3 cell-level RSRP","1 cell, L3 cell-level RSRP","AI: BiLSTM","2 BiLSTM layer + 1 fc layer",82.100999999999999,661.7,2.6779999999999999,75.834000000000003,2.5739999999999998,0.35199999999999998,null,null,null,null,null,null,null,null,null,null,0.40500000000000003]
["Spreadtrum",1,"Option1","Cell-based",90,67,200,40,null,"A","YES",1,"3","Non-sliding","2","NO",1,1,"1 cell, L1-filterd beam-level RSRP","1 cell, L1-filterd beam-level RSRP","AI: BiLSTM","2 BiLSTM layer + 1 fc layer",82.100999999999999,661.7,2.6779999999999999,127.539,3.6629999999999998,0.26800000000000002,null,null,null,null,null,null,null,null,null,null,0.29099999999999998]
["Spreadtrum",1,"Option1","Cell-based",90,80,200,40,null,"A","YES",1,"3","Non-sliding","2","NO",1,1,"1 cell, L1-filterd beam-level RSRP","1 cell, L1-filterd beam-level RSRP","AI: BiLSTM","2 BiLSTM layer + 1 fc layer",82.100999999999999,661.7,2.6779999999999999,75.834000000000003,2.1779999999999999,0.46500000000000002,null,null,null,null,null,null,null,null,null,null,0.371]
["Spreadtrum",2,"Option1","Cell-based",90,67,200,40,null,"A","YES",1,"3","Non-sliding","2","NO",1,1,"1 cell, L3 cell-level RSRP","1 cell, L3 cell-level RSRP","AI: BiLSTM","2 BiLSTM layer + 1 fc layer",82.100999999999999,661.7,2.6779999999999999,127.539,3.6629999999999998,0.20699999999999999,null,null,null,null,null,null,null,null,null,null,0.23499999999999999]
["Spreadtrum",2,"Option1","Cell-based",90,80,200,40,null,"A","YES",1,"3","Non-sliding","2","NO",1,1,"1 cell, L3 cell-level RSRP","1 cell, L3 cell-level RSRP","AI: BiLSTM","2 BiLSTM layer + 1 fc layer",82.100999999999999,661.7,2.6779999999999999,75.834000000000003,2.1779999999999999,0.42099999999999999,null,null,null,null,null,null,null,null,null,null,0.502]
["Xiaomi",2,"Option1","Cell-based",30,50,40,40,null,"A","No",1,2,"Sliding","2","NO",1,1,"1 cell, L3 cell-level RSRP  ","1 cell, L3 cell-level RSRP  ","AI-GRU","1 layer of GRU  based on encoder-decoder with 1 layer of FNN",74.460999999999999,922,0.75719999999999998,188.55699999999999,26.085000000000001,0.65800000000000003,null,null,60,0.72199999999999998,"0.722\n",1,90,0.70899999999999996,0.70899999999999996,0.70899999999999996,0.70799999999999996,0.70799999999999996,0.70799999999999996]
["Xiaomi",2,"Option1","Cell-based",60,50,40,40,null,"A","No","1","2","Sliding","2","NO",1,1,"1 cell, L3 cell-level RSRP  ","1 cell, L3 cell-level RSRP  ","AI-GRU","1 layer of GRU  based on encoder-decoder with 1 layer of FNN",74.460999999999999,922,0.75719999999999998,188.55699999999999,26.085000000000001,0.64900000000000002,null,null,30,0.66900000000000004,"0.669\n",1,90,0.68600000000000005,0.68600000000000005,0.68600000000000005,0.68100000000000005,0.68100000000000005,0.68100000000000005]
["Xiaomi",2,"Option1","Cell-based",90,50,40,40,null,"A","No","1","2","Sliding","2","NO",1,1,"1 cell, L3 cell-level RSRP  ","1 cell, L3 cell-level RSRP  ","AI-GRU","1 layer of GRU  based on encoder-decoder with 1 layer of FNN",74.460999999999999,922,0.75719999999999998,188.55699999999999,26.085000000000001,0.66500000000000004,null,null,60,0.75600000000000001,"\n0.756",1,30,0.72499999999999998,"0.725\n","0.725\n",0.75900000000000001,0.75900000000000001,0.75900000000000001]
["Xiaomi",2,"Option1","Cell-based",30,50,80,80,null,"A","No","1","2","Sliding","2","NO",1,1,"1 cell, L3 cell-level RSRP  ","1 cell, L3 cell-level RSRP  ","AI-GRU","1 layer of GRU  based on encoder-decoder with 1 layer of FNN",115.489,1402,2.3411200000000001,94.265000000000001,13.041,0.77100000000000002,1,"[0.561, 1.021]",60,0.79100000000000004,"1.062\n","[0.592,1.062]\n",90,0.81499999999999995,1.0780000000000001,"[0.609 1.078]",0.83899999999999997,1.083,"[0.596,1.083]"]
["Xiaomi",2,"Option1","Cell-based",60,50,80,80,null,"A","No","1","2","Sliding","2","NO",1,1,"1 cell, L3 cell-level RSRP  ","1 cell, L3 cell-level RSRP  ","AI-GRU","1 layer of GRU  based on encoder-decoder with 1 layer of FNN",115.489,1402,2.3411200000000001,94.265000000000001,13.041,0.751,1,"[0.532, 0.970]",30,0.749,"\n0.975","[0.523,0.975]",90,0.76700000000000002,"1.009\n","[0.532,1.009]\n",0.75800000000000001,0.97399999999999998,"[0.509,0.974]"]
["Xiaomi",2,"Option1","Cell-based",90,50,80,80,null,"A","No","1","2","Sliding","2","NO",1,1,"1 cell, L3 cell-level RSRP  ","1 cell, L3 cell-level RSRP  ","AI-GRU","1 layer of GRU  based on encoder-decoder with 1 layer of FNN",115.489,1402,2.3411200000000001,94.265000000000001,13.041,0.76400000000000001,1,"[0.545, 0.985]",60,0.81,"1.081\n","[0.548,1.081]\n",30,0.78,1.042,"[0.518,1.042]",0.77400000000000002,1.04,"[0.507,1.040]"]
["Xiaomi",2,"Option1","Cell-based",30,50,120,120,null,"A","No","1","2","Sliding","2","NO",1,1,"1 cell, L3 cell-level RSRP  ","1 cell, L3 cell-level RSRP  ","AI-GRU","1 layer of GRU  based on encoder-decoder with 1 layer of FNN",115.489,1402,3.5116800000000001,62.837000000000003,8.69,1.03,1,"[0.576, 1.061, 1.456]",60,1.0649999999999999,"1.530\n","[0.585,1.079,1.530]",90,1.093,1.5740000000000001,"[0.601,1.103,1.574]",1.0740000000000001,1.5269999999999999,"[0.604,1.091,1.527]"]
["Xiaomi",2,"Option1","Cell-based",60,50,120,120,null,"A","No","1","2","Sliding","2","NO",1,1,"1 cell, L3 cell-level RSRP  ","1 cell, L3 cell-level RSRP  ","AI-GRU","1 layer of GRU  based on encoder-decoder with 1 layer of FNN",115.489,1402,3.5116800000000001,62.837000000000003,8.69,0.95699999999999996,1,"[0.493, 0.908, 1.319]",30,0.95799999999999996,1.403,"[0.517,0.956,1.403]",90,0.98299999999999998,"1.444\n","[0.521,0.984,1.444]\n",0.98199999999999998,1.4470000000000001,"[0.526,0.976,1.447]"]
["Xiaomi",2,"Option1","Cell-based",90,50,120,120,null,"A","No","1","2","Sliding","2","NO",1,1,"1 cell, L3 cell-level RSRP  ","1 cell, L3 cell-level RSRP  ","AI-GRU","1 layer of GRU  based on encoder-decoder with 1 layer of FNN",115.489,1402,3.5116800000000001,62.837000000000003,8.69,1.0009999999999999,1,"[0.447, 0.856, 1.311]",60,1.077,"1.602\n","[0.547,1.082,1.602]\n",30,1.022,1.5269999999999999,"[0.517,1.020,1.527]",1.0169999999999999,1.5129999999999999,"[0.527,1.012,1.513]"]
["Xiaomi",2,"Option1","Cell-based",30,67,80,160,null,"A","No","1","2","Sliding","2","NO",1,1,"1 cell, L3 cell-level RSRP  ","1 cell, L3 cell-level RSRP  ","AI-GRU","1 layer of GRU  based on encoder-decoder with 1 layer of FNN",195.18899999999999,2336,6.2230400000000001,62.837000000000003,8.69,1.202,2,"[0.601, 1.032, 1.440, 1.805 ]",60,1.276,"1.928\n","[0.590,1.069,1.519,1.928]\n",90,1.32,2.0070000000000001,"[0.607,1.099,1.568, 2.007]",1.27,1.913,"[0.577,1.068,1.524,\n1.913]"]
["Xiaomi",2,"Option1","Cell-based",60,67,80,160,null,"A","No","1","2","Sliding","2","NO",1,1,"1 cell, L3 cell-level RSRP  ","1 cell, L3 cell-level RSRP  ","AI-GRU","1 layer of GRU  based on encoder-decoder with 1 layer of FNN",195.18899999999999,2336,6.2230400000000001,62.837000000000003,8.69,1.119,2,"[0.501, 0.907, 1.329, 1.729 ]",30,1.1950000000000001,1.8720000000000001,"[0.516,0.968,1.423,1.872]",90,1.22,"1.900\n","[0.518,1.000,1.459,1.900]\n",1.1890000000000001,1.8540000000000001,"[0.517,0.975,1.413, 1.854]"]
["Xiaomi",2,"Option1","Cell-based",90,67,80,160,null,"A","No","1","2","Sliding","2","NO",1,1,"1 cell, L3 cell-level RSRP  ","1 cell, L3 cell-level RSRP  ","AI-GRU","1 layer of GRU  based on encoder-decoder with 1 layer of FNN",195.18899999999999,2336,6.2230400000000001,62.837000000000003,8.69,1.1870000000000001,2,"[0.506, 0.896, 1.342, 1.802 ]",60,1.355,"2.139\n","[0.549,1.096,1.633,2.139]\n",30,1.282,2.0459999999999998,"[0.516,1.023,1.542,2.046]",1.268,2.0110000000000001,"[0.512,1.022,1.527, 2.011]"]
["Xiaomi",2,"Option1","Cell-based",30,67,200,400,null,"A","No","1","2","Sliding","2","NO",1,1,"1 cell, L3 cell-level RSRP  ","1 cell, L3 cell-level RSRP  ","AI-GRU","1 layer of GRU  based on encoder-decoder with 1 layer of FNN",295.28100000000001,3509,23.860800000000001,25.137,3.4769999999999999,1.885,3,"[0.584, 0.988, 1.372, 1.716, 2.028, 2.210, 2.346, 2.438, 2.530, 2.639]",60,2.1160000000000001,"2.887\n","[0.672,1.090,1.525,1.945,2.330,2.529,2.648,2.729,2.806,2.887]\n",90,2.2890000000000001,3.0830000000000002,"[0.829,1.216,1.675,2.128,2.499,2.703,2.830,2.925,3.002,3.083]",2.0430000000000001,2.8809999999999998,"[0.644,1.056,1.443, 1.810, 2.134, 2.382, 2.543, 2.725, 2.814, 2.881]"]
["Xiaomi",2,"Option1","Cell-based",60,67,200,400,null,"A","No","1","2","Sliding","2","NO",1,1,"1 cell, L3 cell-level RSRP  ","1 cell, L3 cell-level RSRP  ","AI-GRU","1 layer of GRU  based on encoder-decoder with 1 layer of FNN",295.28100000000001,3509,23.860800000000001,25.137,3.4769999999999999,2.0880000000000001,3,"[0.542, 0.915, 1.296, 1.711, 2.114, 2.386, 2.635, 2.867, 3.099, 3.312]",30,2.2879999999999998,3.4569999999999999,"[0.798,1.132,1.549,1.963,2.318,2.570,2.798,3.036,3.250,3.457]\n",90,2.34,"3.621\n","[0.560,1.021,1.528,1.997,2.410,2.698,2.949,3.200,3.418,3.621]\n\n",2.1219999999999999,3.3730000000000002,"[0.589, 0.920, 1.333, 1.738, 2.144, 2.421, 2.675,2.895,3.130, 3.373]"]
["Xiaomi",2,"Option1","Cell-based",90,67,200,400,null,"A","No","1","2","Sliding","2","NO",1,1,"1 cell, L3 cell-level RSRP  ","1 cell, L3 cell-level RSRP  ","AI-GRU","1 layer of GRU  based on encoder-decoder with 1 layer of FNN",295.28100000000001,3509,23.860800000000001,25.137,3.4769999999999999,2.4289999999999998,4,"[0.782, 1.051, 1.48, 1.944, 2.36, 2.699, 3.018, 3.331, 3.655, 3.970]",60,2.794,"4.467\n","[0.582,1.118,1.729,2.292,2.812,3.243,3.592,3.903,4.198,4.467]\n",30,2.581,4.1849999999999996,"[0.591,1.055,1.5652.056,2.554,2.964,3.308,3.618,3.918,4.185]",2.6389999999999998,4.3040000000000003,"[0.609,1.106,1.620, 2.138, 2.617, 2.985, 3.336, 3.677, 4.001, 4.304]"]
["ZTE",2,"Option 3","Cell-based",30,50,600,200,null,"A","NO","3","2","Non-sliding",2,"NO",4,1,"1 cell, L3 cell-level RSRP","1 cell, L3 cell-level RSRP","AI: LSTM","2 LSTM laywer + 1 Full connection output laywer",791.81,3092.48,1.5920000000000001,90,5,0.52100000000000002,1,"[0.521]",null,null,null,null,90,0.54300000000000004,0.54300000000000004,"[0.543]",0.53700000000000003,0.53700000000000003,"[0.537]"]
["ZTE",2,"Option 3","Cell-based",60,50,600,200,null,"A","NO","3","2","Non-sliding",2,"NO",4,1,"1 cell, L3 cell-level RSRP","1 cell, L3 cell-level RSRP","AI: LSTM","2 LSTM laywer + 1 Full connection output laywer",791.81,3092.48,1.5920000000000001,90,5,0.624,1,"[0.624]",null,null,null,null,null,null,null,null,0.625,0.625,"[0.625]"]
["ZTE",2,"Option 3","Cell-based",90,50,600,200,null,"A","NO","3","2","Non-sliding",2,"NO",4,1,"1 cell, L3 cell-level RSRP","1 cell, L3 cell-level RSRP","AI: LSTM","2 LSTM laywer + 1 Full connection output laywer",791.81,3092.48,1.5920000000000001,90,5,0.70099999999999996,1,"[0.701]",30,0.73699999999999999,0.73699999999999999,"[0.737]",null,null,null,null,0.70399999999999996,0.70399999999999996,"[0.704]"]

{"sheet":"UMa_UMi","index":4,"n_rows":109,"n_cols":37,"rows_kept":109,"cut":false,"hidden":false,"merged":[[0,31,0,33],[0,34,0,36],[0,0,0,3],[0,4,0,5],[0,6,0,9],[0,10,0,18],[0,19,0,27],[0,28,0,30]]}
["General",null,null,null,"Generalization Setting",null,"Variable Settings",null,null,null,"Configurable/Selectable Simulation Assumption",null,null,null,null,null,null,null,null,"Model Related Information",null,null,null,null,null,null,null,null,"Performance Metrics (Baseline)",null,null,"Performance Metrics (GC#1)",null,null,"Performance Metrics (GC#2)"]
["Company","Sub case","Filtering option","Other factors","Configuration #A","Configuration #B","MRRT\n(%)","Observation window\n(ms)","Prediction window\n(ms)","UE speed\n(km/h)","Spatial consistency","Whether LOSsoft is modeled or not","UE trajectory model","UE trajectory boundary processing","L1/L3 filtering\n(Sliding/Non-sliding)","CaseB detail pattern\n(example 1/2, others)","Use earlier predicted results as input or not","Number of Tx beams","Number of Rx beams","Model input","Model output/label","Model type  ","Detail of model ","Model complexity\nin a number of model parameters (K)","Model complexity\nin a number of model size (KByte)","Computational complexity [FLOPs] (M)","Training data size in number of samples (K)","Testing data size in number of samples (K)","Average L3 cell RSRP difference (dB)","Last predicted point L3 cell RSRP difference (dB) ","Multiple predicted point L3 cell RSRP differences (dB)","Average L3 cell RSRP difference (dB)","Last predicted point L3 cell RSRP difference (dB) ","Multiple predicted point L3 cell RSRP differences (dB)","Average L3 cell RSRP difference (dB)","Last predicted point L3 cell RSRP difference (dB) ","Multiple predicted point L3 cell RSRP differences (dB)"]
["Name","1/2/3","Option1/Option2/Option3","Additional consideration (e.g. Cell/Cluster-based)","Dataset with Configuration #1/2","Dataset with Configuration #1/2","XX","XX","XX","XX","A/B","YES/NO","1/2/3","1/2/3","Sliding/Non-sliding","1/2","YES/NO","XX","XX","Number of cell(s),\nMesurement quantity (L1 beam level, L1-filterd beam-level, L3 cell-level, L3 beam-level measurement results)","Number of cell(s),\nMeasurement quantity (L1 beam level, L1-filterd beam-level, L3 cell-level, L3 beam-level measurement results)","AI/Non-AI: Method (e.g. RNN,CNN,Sample and hold, Decision tree, etc)","e.g.,model structure and description","XX","XX","XX","XX","XX","XX","XX","[XX, XX, XX..]","XX","XX","[XX, XX, XX..]","XX","XX","[XX, XX, XX..]"]
["Apple",2,"option1","cell","Configuration #1","Configuration #2",50,200,200,30,"A","YES",1,"3","non-sliding","2","YES",1,1,"1 cell L3 cell-level RSRP  ","1 cell L3 cell-level RSRP  ","AR",null,3,"24bytes",2,480,120,0.45229949945513998,null,null,0.47172738448949902,null,null,0.45621932196445802]
["Apple",2,"option1","cell","Configuration #1","Configuration #2",50,600,200,30,"A","YES",1,"3","non-sliding","2","YES",1,1,"1 cell L3 cell-level RSRP  ","1 cell L3 cell-level RSRP  ","AR",null,4,"24bytes",3,480,120,0.45065299380941298,null,null,0.46943492234870199,null,null,0.45240932754908902]
["Apple",2,"option1","cell","Configuration #1","Configuration #2",50,800,200,30,"A","YES",1,"3","non-sliding","2","YES",1,1,"1 cell L3 cell-level RSRP  ","1 cell L3 cell-level RSRP  ","AR",null,5,"24bytes",4,480,120,0.45089099597473498,null,null,0.47279923519188299,null,null,0.45408386163234499]
["Apple",2,"option1","cell","Configuration #1","Configuration #2",50,1000,200,30,"A","YES",1,"3","non-sliding","2","YES",1,1,"1 cell L3 cell-level RSRP  ","1 cell L3 cell-level RSRP  ","AR",null,6,"24bytes",5,480,120,0.450239993876072,null,null,0.47023330920387602,null,null,0.45362723734240901]
["Apple",2,"option1","cell","Configuration #1","Configuration #2",50,200,200,30,"A","YES",1,"3","non-sliding","2","YES",1,1,"1 cell L3 cell-level RSRP  ","1 cell L3 cell-level RSRP  ","Random Forest","number of trees t = 100, average tree depth: d = 10",102300,"~1.37MB","~1 KFLOPs",480,120,0.51769497030896605,null,null,0.57721396296082195,null,null,0.52301220042679397]
["Apple",2,"option1","cell","Configuration #1","Configuration #2",50,600,200,30,"A","YES",1,"3","non-sliding","2","YES",1,1,"1 cell L3 cell-level RSRP  ","1 cell L3 cell-level RSRP  ","Random Forest","number of trees t = 100, average tree depth: d = 10",102300,"~1.37MB","~1 KFLOPs",480,120,0.51247364569637099,null,null,0.56069130005154,null,null,0.50234907657401895]
["Apple",2,"option1","cell","Configuration #1","Configuration #2",50,800,200,30,"A","YES",1,"3","non-sliding","2","YES",1,1,"1 cell L3 cell-level RSRP  ","1 cell L3 cell-level RSRP  ","Random Forest","number of trees t = 100, average tree depth: d = 10",102300,"~1.37MB","~1 KFLOPs",480,120,0.497195423542308,null,null,0.55223168582055104,null,null,0.49328414541740501]
["Apple",2,"option1","cell","Configuration #1","Configuration #2",50,1000,200,30,"A","YES",1,"3","non-sliding","2","YES",1,1,"1 cell L3 cell-level RSRP  ","1 cell L3 cell-level RSRP  ","Random Forest","number of trees t = 100, average tree depth: d = 10",102300,"~1.37MB","~1 KFLOPs",480,120,0.49448552629686798,null,null,0.55140045567148999,null,null,0.48780987739141402]
["Apple",2,"option1","cell","Configuration #1","Configuration #2",50,200,200,30,"A","YES",1,"3","non-sliding","2","YES",1,1,"1 cell L3 cell-level RSRP  ","1 cell L3 cell-level RSRP  ","XGBoost","number of estimators t=10, max depth d=7",63600,"0.25MB",800,480,120,0.59085174526731998,null,null,0.69490324828657701,null,null,0.55994750714899899]
["Apple",2,"option1","cell","Configuration #1","Configuration #2",50,600,200,30,"A","YES",1,"3","non-sliding","2","YES",1,1,"1 cell L3 cell-level RSRP  ","1 cell L3 cell-level RSRP  ","XGBoost","number of estimators t=10, max depth d=7",63600,"0.25MB",800,480,120,0.59883753047336696,null,null,0.72719967497580895,null,null,0.57760695296341003]
["Apple",2,"option1","cell","Configuration #1","Configuration #2",50,800,200,30,"A","YES",1,"3","non-sliding","2","YES",1,1,"1 cell L3 cell-level RSRP  ","1 cell L3 cell-level RSRP  ","XGBoost","number of estimators t=10, max depth d=7",63600,"0.25MB",800,480,120,0.56737192222870203,null,null,0.72779484142334305,null,null,0.56896991025089605]
["Apple",2,"option1","cell","Configuration #1","Configuration #2",50,1000,200,30,"A","YES",1,"3","non-sliding","2","YES",1,1,"1 cell L3 cell-level RSRP  ","1 cell L3 cell-level RSRP  ","XGBoost","number of estimators t=10, max depth d=7",63600,"0.25MB",800,480,120,0.57049045458412695,null,null,0.72806358531929105,null,null,0.57565088380238905]
["Apple",2,"option1","cell","Configuration #1","Configuration #2",50,200,200,30,"A","YES",1,"3","non-sliding","2","YES",1,1,"1 cell L3 cell-level RSRP  ","1 cell L3 cell-level RSRP  ","FFNN","hidden layer size 64",129,"~1KB","~320",480,120,0.45740748399673797,null,null,0.46782927927531998,null,null,0.45511644673138701]
["Apple",2,"option1","cell","Configuration #1","Configuration #2",50,600,200,30,"A","YES",1,"3","non-sliding","2","YES",1,1,"1 cell L3 cell-level RSRP  ","1 cell L3 cell-level RSRP  ","FFNN","hidden layer size 64",130,"~1KB","~321",480,120,0.46162164066589301,null,null,0.471173338118763,null,null,0.45324599817483402]
["Apple",2,"option1","cell","Configuration #1","Configuration #2",50,800,200,30,"A","YES",1,"3","non-sliding","2","YES",1,1,"1 cell L3 cell-level RSRP  ","1 cell L3 cell-level RSRP  ","FFNN","hidden layer size 64",131,"~1KB","~322",480,120,0.461806050096291,null,null,0.47624756676107699,null,null,0.45450190980989502]
["Apple",2,"option1","cell","Configuration #1","Configuration #2",50,1000,200,30,"A","YES",1,"3","non-sliding","2","YES",1,1,"1 cell L3 cell-level RSRP  ","1 cell L3 cell-level RSRP  ","FFNN","hidden layer size 64",132,"~1KB","~323",480,120,0.46409113479629699,null,null,0.47578183096999799,null,null,0.452440017254301]
["Apple",2,"option1","cell","Configuration #2","Configuration #1",50,200,200,30,"A","YES",1,"3","non-sliding","2","YES",1,1,"1 cell L3 cell-level RSRP  ","1 cell L3 cell-level RSRP  ","AR",null,3,"24bytes",2,480,120,0.65217475218962395,null,null,0.69869805010588804,null,null,0.65867392575999195]
["Apple",2,"option1","cell","Configuration #2","Configuration #1",50,600,200,30,"A","YES",1,"3","non-sliding","2","YES",1,1,"1 cell L3 cell-level RSRP  ","1 cell L3 cell-level RSRP  ","AR",null,4,"24bytes",3,480,120,0.66040739927206804,null,null,0.75547529978558403,null,null,0.67858021964329496]
["Apple",2,"option1","cell","Configuration #2","Configuration #1",50,800,200,30,"A","YES",1,"3","non-sliding","2","YES",1,1,"1 cell L3 cell-level RSRP  ","1 cell L3 cell-level RSRP  ","AR",null,5,"24bytes",4,480,120,0.64678294281174598,null,null,0.73537024638567206,null,null,0.66286265417093904]
["Apple",2,"option1","cell","Configuration #2","Configuration #1",50,1000,200,30,"A","YES",1,"3","non-sliding","2","YES",1,1,"1 cell L3 cell-level RSRP  ","1 cell L3 cell-level RSRP  ","AR",null,6,"24bytes",5,480,120,0.65427424933846501,null,null,0.74596042330818202,null,null,0.67088641904715596]
["Apple",2,"option1","cell","Configuration #2","Configuration #1",50,200,200,30,"A","YES",1,"3","non-sliding","2","YES",1,1,"1 cell L3 cell-level RSRP  ","1 cell L3 cell-level RSRP  ","Random Forest","number of trees t = 100, average tree depth: d = 10",102300,"~1.37MB","~1 KFLOPs",480,120,0.73190867783848201,null,null,0.78426141245664305,null,null,0.73420818832383095]
["Apple",2,"option1","cell","Configuration #2","Configuration #1",50,600,200,30,"A","YES",1,"3","non-sliding","2","YES",1,1,"1 cell L3 cell-level RSRP  ","1 cell L3 cell-level RSRP  ","Random Forest","number of trees t = 100, average tree depth: d = 10",102300,"~1.37MB","~1 KFLOPs",480,120,0.73852966974040601,null,null,0.84004473529073498,null,null,0.759646691311752]
["Apple",2,"option1","cell","Configuration #2","Configuration #1",50,800,200,30,"A","YES",1,"3","non-sliding","2","YES",1,1,"1 cell L3 cell-level RSRP  ","1 cell L3 cell-level RSRP  ","Random Forest","number of trees t = 100, average tree depth: d = 10",102300,"~1.37MB","~1 KFLOPs",480,120,0.71725003650386099,null,null,0.82675836591326402,null,null,0.74362137300797304]
["Apple",2,"option1","cell","Configuration #2","Configuration #1",50,1000,200,30,"A","YES",1,"3","non-sliding","2","YES",1,1,"1 cell L3 cell-level RSRP  ","1 cell L3 cell-level RSRP  ","Random Forest","number of trees t = 100, average tree depth: d = 10",102300,"~1.37MB","~1 KFLOPs",480,120,0.71811682971816104,null,null,0.84896776795593798,null,null,0.738846621376128]
["Apple",2,"option1","cell","Configuration #2","Configuration #1",50,200,200,30,"A","YES",1,"3","non-sliding","2","YES",1,1,"1 cell L3 cell-level RSRP  ","1 cell L3 cell-level RSRP  ","XGBoost","number of estimators t=10, max depth d=7",63600,"0.25MB",800,480,120,0.73246080057727503,null,null,0.89415518404014604,null,null,0.76062703736875004]
["Apple",2,"option1","cell","Configuration #2","Configuration #1",50,600,200,30,"A","YES",1,"3","non-sliding","2","YES",1,1,"1 cell L3 cell-level RSRP  ","1 cell L3 cell-level RSRP  ","XGBoost","number of estimators t=10, max depth d=7",63600,"0.25MB",800,480,120,0.79954710387595296,null,null,0.94802322471090905,null,null,0.83185052956386496]
["Apple",2,"option1","cell","Configuration #2","Configuration #1",50,800,200,30,"A","YES",1,"3","non-sliding","2","YES",1,1,"1 cell L3 cell-level RSRP  ","1 cell L3 cell-level RSRP  ","XGBoost","number of estimators t=10, max depth d=7",63600,"0.25MB",800,480,120,0.78562639967069803,null,null,0.919535427384784,null,null,0.81762517698509296]
["Apple",2,"option1","cell","Configuration #2","Configuration #1",50,1000,200,30,"A","YES",1,"3","non-sliding","2","YES",1,1,"1 cell L3 cell-level RSRP  ","1 cell L3 cell-level RSRP  ","XGBoost","number of estimators t=10, max depth d=7",63600,"0.25MB",800,480,120,0.79508585610398197,null,null,0.94419186239316599,null,null,0.82406418802574]
["Apple",2,"option1","cell","Configuration #2","Configuration #1",50,200,200,30,"A","YES",1,"3","non-sliding","2","YES",1,1,"1 cell L3 cell-level RSRP  ","1 cell L3 cell-level RSRP  ","FFNN","hidden layer size 64",129,"~1KB","~320",480,120,0.65387824987458798,null,null,0.72294179495726296,null,null,0.66064195102940504]
["Apple",2,"option1","cell","Configuration #2","Configuration #1",50,600,200,30,"A","YES",1,"3","non-sliding","2","YES",1,1,"1 cell L3 cell-level RSRP  ","1 cell L3 cell-level RSRP  ","FFNN","hidden layer size 64",130,"~1KB","~321",480,120,0.67123741786112101,null,null,0.81609132954429697,null,null,0.68476378495770396]
["Apple",2,"option1","cell","Configuration #2","Configuration #1",50,800,200,30,"A","YES",1,"3","non-sliding","2","YES",1,1,"1 cell L3 cell-level RSRP  ","1 cell L3 cell-level RSRP  ","FFNN","hidden layer size 64",131,"~1KB","~322",480,120,0.65423627828804898,null,null,0.77171348756747704,null,null,0.68920469546474294]
["Apple",2,"option1","cell","Configuration #2","Configuration #1",50,1000,200,30,"A","YES",1,"3","non-sliding","2","YES",1,1,"1 cell L3 cell-level RSRP  ","1 cell L3 cell-level RSRP  ","FFNN","hidden layer size 64",132,"~1KB","~323",480,120,0.66644767026222795,null,null,0.775975222268247,null,null,0.68961296620550605]
["Huawei",2,"Option3","Cell-based","Configuration #1","Configuration #2",50,400,200,30,"B","NO",1,"1","Sliding","2","NO",4,1,"1 cell, L3 cell-level RSRP  ","1 cell, L3 cell-level RSRP  ","AI: LSTM","3 LSTM layers and 1 full-connectiovity layer",80,350,1.03,4300,30,0.47,null,null,0.48,null,null,0.47]
["Huawei",2,"Option3","Cell-based","Configuration #2","Configuration #1",50,400,200,30,"B","NO","1","1","Sliding","2","NO",4,1,"1 cell, L3 cell-level RSRP  ","1 cell, L3 cell-level RSRP  ","AI: LSTM","3 LSTM layers and 1 full-connectiovity layer",80,350,1.03,4300,30,0.48,null,null,0.49,null,null,0.48]
["InterDigital",2,"Option 1","Cell-based","Configuration #1","Configuration #2",50,1000,200,90,"A","Yes",1,3,"Non-sliding",2,"NO",4,1,"1 cell, L3 cell-level RSRPs","1 cell, L3 cell-level RSRPs","AI:CNN",null,104,null,0.128,16.8,4.2,0.40710000000000002,null,null,0.42759999999999998,null,null,0.40610000000000002]
["InterDigital",2,"Option 1","Cell-based","Configuration #2","Configuration #1",50,1000,200,90,"A","Yes",1,3,"Non-sliding",2,"NO",4,1,"1 cell, L3 cell-level RSRPs","1 cell, L3 cell-level RSRPs","AI:CNN",null,104,null,0.128,16.8,4.2,0.1109,null,null,0.1135,null,null,0.1021]
["Mediatek",2,"Option3","Cluster-based","Configuration #1","Configuration #2",50,1600,40,30,"B","YES",1,2,"Sliding","1","NO",4,1,"21 cells, L3 cell-level RSRP  ","21 cells, L3 cell-level RSRP  ","AI: CNN","2 layers of convolution layer and 1 FNN layer",76,304,1.26,320,80,6.3E-2,null,null,7.2999999999999995E-2,null,null,6.8000000000000005E-2]
["Mediatek",2,"Option3","Cluster-based","Configuration #2","Configuration #1",50,1600,40,30,"B","YES",1,2,"Sliding","1","NO",4,1,"21 cells, L3 cell-level RSRP  ","21 cells, L3 cell-level RSRP  ","AI: CNN","2 layers of convolution layer and 1 FNN layer",76,304,1.26,320,80,9.0999999999999998E-2,null,null,0.114,null,null,8.8999999999999996E-2]
["Mediatek",2,"Option3","Cluster-based","Configuration #1","Configuration #2",80,1600,160,30,"B","YES",1,2,"Sliding","1","NO",4,1,"21 cells, L3 cell-level RSRP  ","21 cells, L3 cell-level RSRP  ","AI: CNN","2 layers of convolution layer and 1 FNN layer",76,304,1.26,320,80,0.26,null,null,0.32100000000000001,null,null,0.26800000000000002]
["Mediatek",2,"Option3","Cluster-based","Configuration #2","Configuration #1",80,1600,160,30,"B","YES",1,2,"Sliding","1","NO",4,1,"21 cells, L3 cell-level RSRP  ","21 cells, L3 cell-level RSRP  ","AI: CNN","2 layers of convolution layer and 1 FNN layer",76,304,1.26,320,80,0.44,null,null,0.55000000000000004,null,null,0.47]
["Mediatek",2,"Option3","Cluster-based","Configuration #1","Configuration #2",50,1600,40,30,"B","YES",1,2,"Sliding","1","NO",4,1,"21 cells, L3 cell-level RSRP  ","21 cells, L3 cell-level RSRP  ","AI: CNN","2 layers of convolution layer and 1 FNN layer",76,304,1.26,320,80,0.06,null,null,7.0000000000000007E-2,null,null,7.0000000000000007E-2]
["Mediatek",2,"Option3","Cluster-based","Configuration #2","Configuration #1",50,1600,40,30,"B","YES",1,2,"Sliding","1","NO",4,1,"21 cells, L3 cell-level RSRP  ","21 cells, L3 cell-level RSRP  ","AI: CNN","2 layers of convolution layer and 1 FNN layer",76,304,1.26,320,80,0.09,null,null,0.13,null,null,0.1]
["Mediatek",2,"Option3","Cluster-based","Configuration #1","Configuration #2",80,1600,160,30,"B","YES",1,2,"Sliding","1","NO",4,1,"21 cells, L3 cell-level RSRP  ","21 cells, L3 cell-level RSRP  ","AI: CNN","2 layers of convolution layer and 1 FNN layer",76,304,1.26,320,80,0.309,null,null,0.38200000000000001,null,null,0.32500000000000001]
["Mediatek",2,"Option3","Cluster-based","Configuration #2","Configuration #1",80,1600,160,30,"B","YES",1,2,"Sliding","1","NO",4,1,"21 cells, L3 cell-level RSRP  ","21 cells, L3 cell-level RSRP  ","AI: CNN","2 layers of convolution layer and 1 FNN layer",76,304,1.26,320,80,0.56000000000000005,null,null,0.62,null,null,0.55000000000000004]
["OPPO",3,null,"Cell-based","Configuration #1","Configuration #2",50,600,200,30,"A","NO","1","3","Non-sliding","2","NO",1,1,"1 cell, L1-filtered beam-level RSRP","1 cell, L3 cell-level RSRP","AI: LSTM","2LSTM layer+1 dense layer",170,670,0.41,20,3,0.74,null,null,0.78,null,null,0.75]
["OPPO",3,null,"Cell-based","Configuration #2","Configuration #1",50,600,200,30,"A","NO","1","3","Non-sliding","2","NO",1,1,"1 cell, L1-filtered beam-level RSRP","1 cell, L3 cell-level RSRP","AI: LSTM","2LSTM layer+1 dense layer",170,670,0.41,20,3,1.01,null,null,1.02,null,null,0.98]
["Qualcomm",2,"Option3","Cluster-based","Configuration #1","Configuration #2",80,3200,200,30,"A","YES",1,3,"Sliding","1/4","NO",1,1,"21 cells, L3 cell-level RSRP  ","21 cells, L3 cell-level RSRP  ","AI:Transformer","Encoder transformer",1275,9800,null,"1223 trajectories","308 trajectories",1.83,2.46,null,1.27,1.61,null,1.83,2.46]
["Qualcomm",2,"Option3","Cluster-based","Configuration #1","Configuration #2",80,3200,200,30,"A","YES",1,3,"Sliding","1/4","NO",1,1,"21 cells, L3 cell-level RSRP  ","21 cells, L3 cell-level RSRP  ","Non-AI:Sample and hold",null,null,null,null,null,null,1.83,2.46]
["Qualcomm",2,"Option3","Cluster-based","Configuration #1","Configuration #2",90,6400,400,30,"A","YES",1,3,"Sliding","1/9","NO",1,1,"21 cells, L3 cell-level RSRP  ","21 cells, L3 cell-level RSRP  ","AI:Transformer","Encoder transformer",1275,9800,null,"1223 trajectories","308 trajectories",2.65,3.75,null,1.9,2.66,null,2.65,3.74]
["Qualcomm",2,"Option3","Cluster-based","Configuration #1","Configuration #2",90,6400,400,30,"A","YES",1,3,"Sliding","1/9","NO",1,1,"21 cells, L3 cell-level RSRP  ","21 cells, L3 cell-level RSRP  ","Non-AI:Sample and hold",null,null,null,null,null,null,2.68,3.82]
["Qualcomm",2,"Option3","Cluster-based","Configuration #2","Configuration #1",80,3200,200,30,"A","YES",1,3,"Sliding","1/4","NO",1,1,"21 cells, L3 cell-level RSRP  ","21 cells, L3 cell-level RSRP  ","AI:Transformer","Encoder transformer",1275,9800,null,"964 trajectories","241 trajectories",1.21,1.53,null,1.82,2.46,null,1.21,1.53]
["Qualcomm",2,"Option3","Cluster-based","Configuration #2","Configuration #1",80,3200,200,30,"A","YES",1,3,"Sliding","1/4","NO",1,1,"21 cells, L3 cell-level RSRP  ","21 cells, L3 cell-level RSRP  ","Non-AI:Sample and hold",null,null,null,null,null,null,1.2,1.53]
["Qualcomm",2,"Option3","Cluster-based","Configuration #2","Configuration #1",90,6400,400,30,"A","YES",1,3,"Sliding","1/9","NO",1,1,"21 cells, L3 cell-level RSRP  ","21 cells, L3 cell-level RSRP  ","AI:Transformer","Encoder transformer",1275,9800,null,"964 trajectories","241 trajectories",1.64,2.2200000000000002,null,2.69,3.84,null,1.64,2.23]
["Qualcomm",2,"Option3","Cluster-based","Configuration #2","Configuration #1",90,6400,400,30,"A","YES",1,3,"Sliding","1/9","NO",1,1,"21 cells, L3 cell-level RSRP  ","21 cells, L3 cell-level RSRP  ","Non-AI:Sample and hold",null,null,null,null,null,null,1.63,2.2000000000000002]
["vivo",1,null,"Cell-based","Configuration #1","Configuration #2",50,2000,200,30,"A","NO",1,2,"Non-sliding","2","NO",1,1,"1 cell, L1-filterd beam-level","1 cell, L1-filterd beam-level","AI: LSTM","1LSTM layer and 1 FNN layer",16,68,0.84199999999999997,160,40,0.42399999999999999,null,null,0.498,null,null,0.42799999999999999]
["vivo",1,null,"Cell-based","Configuration #2","Configuration #1",50,2000,200,30,"A","NO",1,2,"Non-sliding","2","NO",1,1,"1 cell, L1-filterd beam-level","1 cell, L1-filterd beam-level","AI: LSTM","1LSTM layer and 1 FNN layer",16,68,0.84199999999999997,160,40,0.55800000000000005,null,null,0.57699999999999996,null,null,0.55900000000000005]
["Nokia",2,"Option 3","Cell-based","Configuration #1","Configuration #2",50,240,40,30,"A","YES","3","3","Sliding","2","NO",4,1,"1 cell, L3-filterd cell-level","1 cell, L3-filterd cell-level","AI: Linear Regression",null,null,null,null,4115,380,0.30592565320674903,null,null,0.29236773923820503,null,null,0.29051641717406002]
["Nokia",2,"Option 3","Cell-based","Configuration #1","Configuration #2",0.66,240,80,30,"A","YES","3","3","Sliding","2","NO",4,1,"1 cell, L3-filterd cell-level","1 cell, L3-filterd cell-level","AI: Linear Regression",null,null,null,null,4115,380,0.30586656614686297,null,null,0.29253378631674498,null,null,0.290382361819426]
["Nokia",2,"Option 3","Cell-based","Configuration #1","Configuration #2",0.8,240,160,30,"A","YES","3","3","Sliding","2","NO",4,1,"1 cell, L3-filterd cell-level","1 cell, L3-filterd cell-level","AI: Linear Regression",null,null,null,null,4115,380,0.30592310209059198,null,null,0.29395652799611099,null,null,0.29143210475455]
["Nokia",2,"Option 3","Cell-based","Configuration #1","Configuration #2",0.9,240,360,30,"A","YES","3","3","Sliding","2","NO",4,1,"1 cell, L3-filterd cell-level","1 cell, L3-filterd cell-level","AI: Linear Regression",null,null,null,null,4115,380,0.30521901742806901,null,null,0.293389735808462,null,null,0.29080353204162901]
["Nokia",2,"Option 3","Cell-based","Configuration #1","Configuration #2",50,240,40,30,"A","YES","3","3","Sliding","2","NO",4,1,"1 cell, L3-filterd cell-level","1 cell, L3-filterd cell-level","AI: Random Forest",null,null,null,null,4115,380,0.271564060479009,null,null,0.40562512787136301,null,null,0.27662987724816002]
["Nokia",2,"Option 3","Cell-based","Configuration #1","Configuration #2",0.66,240,80,30,"A","YES","3","3","Sliding","2","NO",4,1,"1 cell, L3-filterd cell-level","1 cell, L3-filterd cell-level","AI: Random Forest",null,null,null,null,4115,380,0.27443708575672598,null,null,0.415778810723965,null,null,0.27867971870254399]
["Nokia",2,"Option 3","Cell-based","Configuration #1","Configuration #2",0.8,240,160,30,"A","YES","3","3","Sliding","2","NO",4,1,"1 cell, L3-filterd cell-level","1 cell, L3-filterd cell-level","AI: Random Forest",null,null,null,null,4115,380,0.27823606674905998,null,null,0.42910848207475,null,null,0.28215405666989501]
["Nokia",2,"Option 3","Cell-based","Configuration #1","Configuration #2",0.9,240,360,30,"A","YES","3","3","Sliding","2","NO",4,1,"1 cell, L3-filterd cell-level","1 cell, L3-filterd cell-level","AI: Random Forest",null,null,null,null,4115,380,0.28307446552758297,null,null,0.45155682024513899,null,null,0.28647338587176202]
["Nokia",2,"Option 3","Cell-based","Configuration #1","Configuration #2",50,240,40,30,"A","YES","3","3","Sliding","2","NO",4,1,"1 cell, L3-filterd cell-level","1 cell, L3-filterd cell-level","AI: Gradient Boosting",null,null,null,null,4115,380,0.33843412537172801,null,null,0.62827177179818405,null,null,0.355692267955596]
["Nokia",2,"Option 3","Cell-based","Configuration #1","Configuration #2",0.66,240,80,30,"A","YES","3","3","Sliding","2","NO",4,1,"1 cell, L3-filterd cell-level","1 cell, L3-filterd cell-level","AI: Gradient Boosting",null,null,null,null,4115,380,0.33632537012723002,null,null,0.63014584921371897,null,null,0.35824523273435499]
["Nokia",2,"Option 3","Cell-based","Configuration #1","Configuration #2",0.8,240,160,30,"A","YES","3","3","Sliding","2","NO",4,1,"1 cell, L3-filterd cell-level","1 cell, L3-filterd cell-level","AI: Gradient Boosting",null,null,null,null,4115,380,0.337840729677929,null,null,0.63052190690797405,null,null,0.35521636059645401]
["Nokia",2,"Option 3","Cell-based","Configuration #1","Configuration #2",0.9,240,360,30,"A","YES","3","3","Sliding","2","NO",4,1,"1 cell, L3-filterd cell-level","1 cell, L3-filterd cell-level","AI: Gradient Boosting",null,null,null,null,4115,380,0.337857284256113,null,null,0.62718823589988604,null,null,0.35852907418479202]
["Nokia",2,"Option 3","Cell-based","Configuration #2","Configuration #1",50,240,40,30,"A","YES","3","3","Sliding","2","NO",4,1,"1 cell, L3-filterd cell-level","1 cell, L3-filterd cell-level","AI: Linear Regression",null,null,null,null,4115,380,0.21111710873489001,null,null,0.26870044892163703,null,null,0.22713994800627199]
["Nokia",2,"Option 3","Cell-based","Configuration #2","Configuration #1",0.66,240,80,30,"A","YES","3","3","Sliding","2","NO",4,1,"1 cell, L3-filterd cell-level","1 cell, L3-filterd cell-level","AI: Linear Regression",null,null,null,null,4115,380,0.21123260738448699,null,null,0.26635843943236098,null,null,0.22648560093074899]
["Nokia",2,"Option 3","Cell-based","Configuration #2","Configuration #1",0.8,240,160,30,"A","YES","3","3","Sliding","2","NO",4,1,"1 cell, L3-filterd cell-level","1 cell, L3-filterd cell-level","AI: Linear Regression",null,null,null,null,4115,380,0.21190017389815799,null,null,0.26867870676018601,null,null,0.22755866363584501]
["Nokia",2,"Option 3","Cell-based","Configuration #2","Configuration #1",0.9,240,360,30,"A","YES","3","3","Sliding","2","NO",4,1,"1 cell, L3-filterd cell-level","1 cell, L3-filterd cell-level","AI: Linear Regression",null,null,null,null,4115,380,0.21202896210609901,null,null,0.26889929007545599,null,null,0.226900541965634]
["Nokia",2,"Option 3","Cell-based","Configuration #2","Configuration #1",50,240,40,30,"A","YES","3","3","Sliding","2","NO",4,1,"1 cell, L3-filterd cell-level","1 cell, L3-filterd cell-level","AI: Random Forest",null,null,null,null,4115,380,0.204074850808145,null,null,0.40176567156857101,null,null,0.20536463095989399]
["Nokia",2,"Option 3","Cell-based","Configuration #2","Configuration #1",0.66,240,80,30,"A","YES","3","3","Sliding","2","NO",4,1,"1 cell, L3-filterd cell-level","1 cell, L3-filterd cell-level","AI: Random Forest",null,null,null,null,4115,380,0.205643615519877,null,null,0.418612223303375,null,null,0.20655631521026399]
["Nokia",2,"Option 3","Cell-based","Configuration #2","Configuration #1",0.8,240,160,30,"A","YES","3","3","Sliding","2","NO",4,1,"1 cell, L3-filterd cell-level","1 cell, L3-filterd cell-level","AI: Random Forest",null,null,null,null,4115,380,0.20797480535313001,null,null,0.406799617153697,null,null,0.208894782770287]
["Nokia",2,"Option 3","Cell-based","Configuration #2","Configuration #1",0.9,240,360,30,"A","YES","3","3","Sliding","2","NO",4,1,"1 cell, L3-filterd cell-level","1 cell, L3-filterd cell-level","AI: Random Forest",null,null,null,null,4115,380,0.211143360884501,null,null,0.46022125621238302,null,null,0.211651666011823]
["Nokia",2,"Option 3","Cell-based","Configuration #2","Configuration #1",50,240,40,30,"A","YES","3","3","Sliding","2","NO",4,1,"1 cell, L3-filterd cell-level","1 cell, L3-filterd cell-level","AI: Gradient Boosting",null,null,null,null,4115,380,0.29772965279395103,null,null,0.61218112408628,null,null,0.31967179949987301]
["Nokia",2,"Option 3","Cell-based","Configuration #2","Configuration #1",0.66,240,80,30,"A","YES","3","3","Sliding","2","NO",4,1,"1 cell, L3-filterd cell-level","1 cell, L3-filterd cell-level","AI: Gradient Boosting",null,null,null,null,4115,380,0.29712822767022601,null,null,0.62232997652881905,null,null,0.31942394148619702]
["Nokia",2,"Option 3","Cell-based","Configuration #2","Configuration #1",0.8,240,160,30,"A","YES","3","3","Sliding","2","NO",4,1,"1 cell, L3-filterd cell-level","1 cell, L3-filterd cell-level","AI: Gradient Boosting",null,null,null,null,4115,380,0.297394498197457,null,null,0.623541877431525,null,null,0.32068405718474202]
["Nokia",2,"Option 3","Cell-based","Configuration #2","Configuration #1",0.9,240,360,30,"A","YES","3","3","Sliding","2","NO",4,1,"1 cell, L3-filterd cell-level","1 cell, L3-filterd cell-level","AI: Gradient Boosting",null,null,null,null,4115,380,0.29735541500248702,null,null,0.63556543034284896,null,null,0.31817188202212598]
["Nokia",2,"Option 3","Cell-based","Configuration #1","Configuration #2",50,240,40,60,"A","YES","3","3","Sliding","2","NO",4,1,"1 cell, L3-filterd cell-level","1 cell, L3-filterd cell-level","AI: Linear Regression",null,null,null,null,4115,380,0.48755697280417798,null,null,0.47440057883007503,null,null,0.464246086260788]
["Nokia",2,"Option 3","Cell-based","Configuration #1","Configuration #2",0.66,240,80,60,"A","YES","3","3","Sliding","2","NO",4,1,"1 cell, L3-filterd cell-level","1 cell, L3-filterd cell-level","AI: Linear Regression",null,null,null,null,4115,380,0.485461740574259,null,null,0.475245482547201,null,null,0.46465302764219701]
["Nokia",2,"Option 3","Cell-based","Configuration #1","Configuration #2",0.8,240,160,60,"A","YES","3","3","Sliding","2","NO",4,1,"1 cell, L3-filterd cell-level","1 cell, L3-filterd cell-level","AI: Linear Regression",null,null,null,null,4115,380,0.48162360997828302,null,null,0.469377919526273,null,null,0.45916613329902201]
["Nokia",2,"Option 3","Cell-based","Configuration #1","Configuration #2",0.9,240,360,60,"A","YES","3","3","Sliding","2","NO",4,1,"1 cell, L3-filterd cell-level","1 cell, L3-filterd cell-level","AI: Linear Regression",null,null,null,null,4115,380,0.48680449552183302,null,null,0.47117110217521402,null,null,0.46202730945602999]
["Nokia",2,"Option 3","Cell-based","Configuration #1","Configuration #2",50,240,40,60,"A","YES","3","3","Sliding","2","NO",4,1,"1 cell, L3-filterd cell-level","1 cell, L3-filterd cell-level","AI: Random Forest",null,null,null,null,4115,380,0.41958035777814601,null,null,0.83670976372341099,null,null,0.42919304949760401]
["Nokia",2,"Option 3","Cell-based","Configuration #1","Configuration #2",0.66,240,80,60,"A","YES","3","3","Sliding","2","NO",4,1,"1 cell, L3-filterd cell-level","1 cell, L3-filterd cell-level","AI: Random Forest",null,null,null,null,4115,380,0.42344762318238599,null,null,0.89292677756293204,null,null,0.43363643619162301]
["Nokia",2,"Option 3","Cell-based","Configuration #1","Configuration #2",0.8,240,160,60,"A","YES","3","3","Sliding","2","NO",4,1,"1 cell, L3-filterd cell-level","1 cell, L3-filterd cell-level","AI: Random Forest",null,null,null,null,4115,380,0.42748929864280499,null,null,0.91547093301059201,null,null,0.43629553900578799]
["Nokia",2,"Option 3","Cell-based","Configuration #1","Configuration #2",0.9,240,360,60,"A","YES","3","3","Sliding","2","NO",4,1,"1 cell, L3-filterd cell-level","1 cell, L3-filterd cell-level","AI: Random Forest",null,null,null,null,4115,380,0.44011520484626399,null,null,0.98977484540701499,null,null,0.44513437032033598]
["Nokia",2,"Option 3","Cell-based","Configuration #1","Configuration #2",50,240,40,60,"A","YES","3","3","Sliding","2","NO",4,1,"1 cell, L3-filterd cell-level","1 cell, L3-filterd cell-level","AI: Gradient Boosting",null,null,null,null,4115,380,0.50893711730944702,null,null,1.1642209666788299,null,null,0.54844407432804498]
["Nokia",2,"Option 3","Cell-based","Configuration #1","Configuration #2",0.66,240,80,60,"A","YES","3","3","Sliding","2","NO",4,1,"1 cell, L3-filterd cell-level","1 cell, L3-filterd cell-level","AI: Gradient Boosting",null,null,null,null,4115,380,0.50409632313456998,null,null,1.17150953010647,null,null,0.54513030738831603]
["Nokia",2,"Option 3","Cell-based","Configuration #1","Configuration #2",0.8,240,160,60,"A","YES","3","3","Sliding","2","NO",4,1,"1 cell, L3-filterd cell-level","1 cell, L3-filterd cell-level","AI: Gradient Boosting",null,null,null,null,4115,380,0.50580589458816905,null,null,1.1999068024732,null,null,0.54842909977486998]
["Nokia",2,"Option 3","Cell-based","Configuration #1","Configuration #2",0.9,240,360,60,"A","YES","3","3","Sliding","2","NO",4,1,"1 cell, L3-filterd cell-level","1 cell, L3-filterd cell-level","AI: Gradient Boosting",null,null,null,null,4115,380,0.50924329934744195,null,null,1.1959850954134601,null,null,0.54807186015956499]
["Nokia",2,"Option 3","Cell-based","Configuration #2","Configuration #1",50,240,40,60,"A","YES","3","3","Sliding","2","NO",4,1,"1 cell, L3-filterd cell-level","1 cell, L3-filterd cell-level","AI: Linear Regression",null,null,null,null,4115,380,0.32388958952275598,null,null,0.44433031911181198,null,null,0.34558140521994202]
["Nokia",2,"Option 3","Cell-based","Configuration #2","Configuration #1",0.66,240,80,60,"A","YES","3","3","Sliding","2","NO",4,1,"1 cell, L3-filterd cell-level","1 cell, L3-filterd cell-level","AI: Linear Regression",null,null,null,null,4115,380,0.32412651926038499,null,null,0.44468568724539997,null,null,0.34523802484371002]
["Nokia",2,"Option 3","Cell-based","Configuration #2","Configuration #1",0.8,240,160,60,"A","YES","3","3","Sliding","2","NO",4,1,"1 cell, L3-filterd cell-level","1 cell, L3-filterd cell-level","AI: Linear Regression",null,null,null,null,4115,380,0.32436095973551499,null,null,0.44804003900205402,null,null,0.34577272848413998]
["Nokia",2,"Option 3","Cell-based","Configuration #2","Configuration #1",0.9,240,360,60,"A","YES","3","3","Sliding","2","NO",4,1,"1 cell, L3-filterd cell-level","1 cell, L3-filterd cell-level","AI: Linear Regression",null,null,null,null,4115,380,0.325114806201317,null,null,0.45180634084573901,null,null,0.345065542473598]
["Nokia",2,"Option 3","Cell-based","Configuration #2","Configuration #1",50,240,40,60,"A","YES","3","3","Sliding","2","NO",4,1,"1 cell, L3-filterd cell-level","1 cell, L3-filterd cell-level","AI: Random Forest",null,null,null,null,4115,380,0.29579369167362901,null,null,0.73020343260085296,null,null,0.29760453783172103]
["Nokia",2,"Option 3","Cell-based","Configuration #2","Configuration #1",0.66,240,80,60,"A","YES","3","3","Sliding","2","NO",4,1,"1 cell, L3-filterd cell-level","1 cell, L3-filterd cell-level","AI: Random Forest",null,null,null,null,4115,380,0.29997563290887003,null,null,0.84716347017094995,null,null,0.30229016860170799]
["Nokia",2,"Option 3","Cell-based","Configuration #2","Configuration #1",0.8,240,160,60,"A","YES","3","3","Sliding","2","NO",4,1,"1 cell, L3-filterd cell-level","1 cell, L3-filterd cell-level","AI: Random Forest",null,null,null,null,4115,380,0.30625723260551102,null,null,0.83511250791918201,null,null,0.30732676814373799]
["Nokia",2,"Option 3","Cell-based","Configuration #2","Configuration #1",0.9,240,360,60,"A","YES","3","3","Sliding","2","NO",4,1,"1 cell, L3-filterd cell-level","1 cell, L3-filterd cell-level","AI: Random Forest",null,null,null,null,4115,380,0.31245194792699998,null,null,0.79715969682693399,null,null,0.31362410120565598]
["Nokia",2,"Option 3","Cell-based","Configuration #2","Configuration #1",50,240,40,60,"A","YES","3","3","Sliding","2","NO",4,1,"1 cell, L3-filterd cell-level","1 cell, L3-filterd cell-level","AI: Gradient Boosting",null,null,null,null,4115,380,0.43677442940640199,null,null,1.0888897015068399,null,null,0.46116809819864801]
["Nokia",2,"Option 3","Cell-based","Configuration #2","Configuration #1",0.66,240,80,60,"A","YES","3","3","Sliding","2","NO",4,1,"1 cell, L3-filterd cell-level","1 cell, L3-filterd cell-level","AI: Gradient Boosting",null,null,null,null,4115,380,0.436753001556417,null,null,1.10826916406773,null,null,0.46447476860005699]
["Nokia",2,"Option 3","Cell-based","Configuration #2","Configuration #1",0.8,240,160,60,"A","YES","3","3","Sliding","2","NO",4,1,"1 cell, L3-filterd cell-level","1 cell, L3-filterd cell-level","AI: Gradient Boosting",null,null,null,null,4115,380,0.439200025879047,null,null,1.0548783483306901,null,null,0.46282745004159198]
["Nokia",2,"Option 3","Cell-based","Configuration #2","Configuration #1",0.9,240,360,60,"A","YES","3","3","Sliding","2","NO",4,1,"1 cell, L3-filterd cell-level","1 cell, L3-filterd cell-level","AI: Gradient Boosting",null,null,null,null,4115,380,0.44082805214313397,null,null,1.0724457782896499,null,null,0.46274588458826799]
["ZTE",2,"Option 3","cell-based","Configuration #2","Configuration #1",0.5,600,200,30,"A","NO",3,2,"Non-sliding",2,"NO",4,1,"1 cell, L3 cell-level RSRP","1 cell, L3 cell-level RSRP","AI: LSTM","2 LSTM laywer + 1 Full connection output laywer",791.81,3092.48,1.5920000000000001,90,5,0.57699999999999996,0.57699999999999996,"[0.577]",0.61599999999999999,0.61599999999999999,"[0.616]",0.58499999999999996,0.58499999999999996,"[0.585]"]
["ZTE",2,"Option 3","cell-based","Configuration #1","Configuration #2",0.5,600,200,30,"A","NO",3,2,"Non-sliding",2,"NO",4,1,"1 cell, L3 cell-level RSRP","1 cell, L3 cell-level RSRP","AI: LSTM","2 LSTM laywer + 1 Full connection output laywer",791.81,3092.48,1.5920000000000001,90,5,0.52100000000000002,0.52100000000000002,"[0.521]",0.54800000000000004,0.54800000000000004,"[0.548]",0.53300000000000003,0.53300000000000003,"[0.533]"]

{"sheet":"Figures","index":5,"n_rows":0,"n_cols":0,"rows_kept":0,"cut":false,"hidden":false,"merged":[]}